EVERY Rail Station in the UK on a Map - Statistics

General Stats
  • This quiz has been taken 8 times
  • The average score is 200 of 2658
Answers on the Map
Answers color-coded by a green-red scale on the quiz's map according to % correct below.
 
Answer Stats
Station Owner Answer Passengers % Correct
Govia Thameslink Railway (Southern) Brighton 15328450
63%
Network Rail Bristol Temple Meads 10877308
63%
Great Western Railway Oxford 8145214
63%
Great Western Railway Penzance 685470
63%
Great Western Railway Truro 1334668
63%
London North Eastern Railway York 10464102
63%
TfW Rail Aber 145234
50%
ScotRail Aberdeen 2377660
50%
South Western Railway Ash 259336
50%
Govia Thameslink Railway (Southern) Berwick (Sussex) 79434
50%
Network Rail Birmingham New Street 36623678
50%
Northern Trains Bolton 3011850
50%
South Western Railway Bournemouth 2664456
50%
Southeastern Brixton 804378
50%
Greater Anglia Cambridge 10597572
50%
Avanti West Coast Carlisle 2316310
50%
London North Eastern Railway Darlington 2827176
50%
ScotRail Dundee 1763546
50%
London North Eastern Railway Durham 2809984
50%
Greater Anglia Ely 2299024
50%
Great Western Railway Exeter St Davids 2922288
50%
Network Rail Glasgow Central 25293930
50%
Great Western Railway Gloucester 1763556
50%
TransPennine Express Hull 2908428
50%
Northern Trains Kendal 180094
50%
Avanti West Coast Lancaster 2184042
50%
Chiltern Railways Leamington Spa 2544520
50%
Network Rail Leeds 27309508
50%
Southeastern Lee (London) 1482668
50%
Network Rail Liverpool Lime Street 14430214
50%
TfW Rail Llandudno 456052
50%
Network Rail London Liverpool Street 98015658
50%
Chiltern Railways London Marylebone 11772892
50%
Network Rail London St Pancras 38842772
50%
Network Rail London Waterloo 70389546
50%
Govia Thameslink Railway (Thameslink) Luton 3665966
50%
London North Eastern Railway Newcastle 10548216
50%
Great Western Railway Newquay 125534
50%
Greater Anglia Norwich 4556674
50%
East Midlands Railway Nottingham 8112724
50%
Great Western Railway Plymouth 2672762
50%
South Western Railway Poole 965090
50%
Avanti West Coast Preston (Lancs) 5356076
50%
TfW Rail Rhyl 611984
50%
Great Western Railway Roche 5230
50%
Southeastern Rochester 2059228
50%
Great Western Railway Slough 5503680
50%
Great Western Railway St Ives (Cornwall) 850992
50%
Northern Trains Stockton 120000
50%
Northern Trains Sunderland 709098
50%
TfW Rail Swansea 2303850
50%
Great Western Railway Swindon (Wilts) 3150912
50%
Great Western Railway Taunton 1615614
50%
Great Western Railway Torquay 508086
50%
Great Western Railway Totnes 797324
50%
London North Eastern Railway Wakefield Westgate 2333910
50%
South Western Railway Woking 6522202
50%
TfW Rail Aberystwyth 298878
38%
South Western Railway Ashford (Surrey) 882266
38%
South Western Railway Axminster 417946
38%
ScotRail Ayr 795560
38%
NI Railways Bangor 1630725
38%
TfW Rail Bangor (Gwynedd) 720066
38%
Great Western Railway Barnstaple 608780
38%
Great Western Railway Bath Spa 6510506
38%
Northern Trains Blackpool North 2065566
38%
Northern Trains Blackpool South 113644
38%
Great Western Railway Bristol Parkway 2325558
38%
Northern Trains Buxton 381872
38%
Southeastern Canterbury East 1170446
38%
Southeastern Canterbury West 2723706
38%
TfW Rail Cardiff Central 12513720
38%
Great Western Railway Cheltenham Spa 2418292
38%
TfW Rail Chester 5271572
38%
Network Rail Clapham Junction 24447510
38%
Northern Trains Clapham (North Yorkshire) 9690
38%
Avanti West Coast Coventry 6826768
38%
ScotRail Croy 1402586
38%
East Midlands Railway Derby 4106660
38%
Great Western Railway Didcot Parkway 2884000
38%
Greater Anglia Diss 701420
38%
Great Western Railway Exmouth 999764
38%
Merseyrail Formby 1606086
38%
Govia Thameslink Railway (Gatwick Express) Gatwick Airport 21211048
38%
South Western Railway Gillingham (Dorset) 357614
38%
Southeastern Gillingham (Kent) 2542112
38%
ScotRail Glasgow Queen Street 14950752
38%
Network Rail Guildford 6372542
38%
Northern Trains Hartlepool 713672
38%
Southeastern Hastings 2168544
38%
Govia Thameslink Railway (Southern) Haywards Heath 3957580
38%
Northern Trains Hexham 431278
38%
Greater Anglia Ipswich 3371206
38%
Govia Thameslink Railway (Great Northern) King's Lynn 853200
38%
East Midlands Railway Lincoln 2286040
38%
Govia Thameslink Railway (Southern) Littlehampton 804446
38%
Merseyrail Liverpool Central 14820216
38%
Network Rail London Bridge 54685648
38%
Network Rail London Cannon Street 7507972
38%
Network Rail London Charing Cross 19767784
38%
c2c London Fenchurch Street 10862630
38%
Network Rail London Paddington 69897084
38%
Network Rail London Victoria 53784358
38%
Great Western Railway Looe 119600
38%
Govia Thameslink Railway (Thameslink) Luton Airport Parkway 4740742
38%
Avanti West Coast Macclesfield 1486408
38%
TransPennine Express Malton 375622
38%
TransPennine Express Manchester Airport 5518084
38%
Northern Trains Manchester Oxford Road 6392614
38%
Network Rail Manchester Piccadilly 27401610
38%
Northern Trains Manchester Victoria 8378502
38%
TransPennine Express Middlesbrough 1543226
38%
London North Eastern Railway Newark Northgate 1078800
38%
Great Western Railway Newbury 1538658
38%
TransPennine Express Northallerton 797766
38%
Dartmoor Railway Okehampton 347920
38%
Great Western Railway Paignton 707018
38%
Avanti West Coast Penrith (North Lakes) 715822
38%
ScotRail Perth 853236
38%
London North Eastern Railway Peterborough 5299726
38%
South Western Railway Portsmouth Harbour 2091304
38%
Network Rail Reading 14324664
38%
Northern Trains Rochdale 1629872
38%
Govia Thameslink Railway (Southern) Rye (Sussex) 480232
38%
TransPennine Express Scarborough 1001114
38%
TransPennine Express Selby 695840
38%
East Midlands Railway Sheffield 10315220
38%
c2c Shoeburyness 540912
38%
South Western Railway Southampton Central 6172960
38%
c2c Southend Central 2242080
38%
Great Western Railway St Austell 525828
38%
Avanti West Coast Stockport 4295970
38%
West Midlands Trains (West Midlands Railway) Stone (Staffs) 246412
38%
Elizabeth line Stratford (London) 51473518
38%
West Midlands Trains (West Midlands Railway) Walsall 1240358
38%
South Western Railway Weymouth 751302
38%
West Midlands Trains (West Midlands Railway) Wolverhampton 5249278
38%
South Western Railway Wool 208834
38%
Elizabeth line Abbey Wood 11873686
25%
Northern Trains Alnmouth 378954
25%
South Western Railway Alton 590922
25%
Southeastern Ashford International 3791778
25%
West Midlands Trains (West Midlands Railway) Aston 613448
25%
Chiltern Railways Aylesbury 900484
25%
Chiltern Railways Aylesbury Vale Parkway 127578
25%
Chiltern Railways Banbury 2269872
25%
Northern Trains Barnsley 1519762
25%
Northern Trains Barrow-In-Furness 589658
25%
South Western Railway Basingstoke 4793820
25%
Govia Thameslink Railway (Thameslink) Bedford 3763978
25%
Chiltern Railways Bicester North 822816
25%
Chiltern Railways Bicester Village 1925568
25%
Avanti West Coast Birmingham International 5002974
25%
Northern Trains Bishop Auckland 169032
25%
West Midlands Trains (London Northwestern Railway) Bletchley 1385658
25%
Great Western Railway Bodmin Parkway 305298
25%
Govia Thameslink Railway (Southern) Bognor Regis 1086762
25%
Greater Anglia Braintree 630814
25%
Southeastern Bromley South 6193798
25%
East Midlands Railway Burton-On-Trent 913000
25%
Greater Anglia Cambridge North 1459946
25%
Elizabeth line Canary Wharf 15927588
25%
Southeastern Chatham 2397976
25%
Govia Thameslink Railway (Southern) Chichester 2687308
25%
Govia Thameslink Railway (Thameslink) City Thameslink 7635634
25%
Northern Trains Clifton (Manchester) 1102
25%
Greater Anglia Colchester 3648216
25%
West Midlands Trains (West Midlands Railway) Coleshill Parkway 205662
25%
TfW Rail Colwyn Bay 357852
25%
TfW Rail Conwy 83682
25%
East Midlands Railway Corby 561182
25%
South Western Railway Cosham 895766
25%
South Western Railway Cranbrook (Devon) 120374
25%
Govia Thameslink Railway (Southern) Crawley 1370856
25%
Great Western Railway Crediton 187194
25%
Avanti West Coast Crewe 3389590
25%
Southeastern Cuxton 60952
25%
Southeastern Dartford 4815874
25%
Great Western Railway Dawlish 580660
25%
Great Western Railway Dawlish Warren 248086
25%
South Western Railway Dean (Wilts) 38188
25%
Govia Thameslink Railway (Thameslink) Denmark Hill 6020036
25%
Northern Trains Dent 9598
25%
Northern Trains Denton 100
25%
Southeastern Deptford 1643802
25%
Great Western Railway Devonport 49756
25%
Great Western Railway Digby and Sowton 968412
25%
London North Eastern Railway Doncaster 4533514
25%
Govia Thameslink Railway (Southern) Dorking (Main) 834808
25%
Southeastern Dover Priory 1029332
25%
ScotRail Dunbar 416356
25%
Northern Trains Eaglescliffe 211956
25%
Govia Thameslink Railway (Southern) Eastbourne 3754614
25%
HS1 Ltd Ebbsfleet International 1765258
25%
Merseyrail Ellesmere Port 556188
25%
Great Western Railway Exeter Central 2962450
25%
Great Western Railway Exeter St Thomas 329086
25%
Great Western Railway Exton 25256
25%
Great Western Railway Falmouth Docks 145458
25%
Great Western Railway Falmouth Town 278064
25%
London Underground Farringdon 50171290
25%
Southeastern Faversham 1525470
25%
South Western Railway Feniton 54896
25%
West Midlands Trains (West Midlands Railway) Five Ways 1302172
25%
South Western Railway Fleet 1400680
25%
TfW Rail Flint 333542
25%
Govia Thameslink Railway (Southern) Ford 116966
25%
Northern Trains Goole 324606
25%
London North Eastern Railway Grantham 1484114
25%
Southeastern Gravesend 2886256
25%
Greater Anglia Great Yarmouth 439660
25%
Southeastern Greenwich 2439476
25%
Chiltern Railways Haddenham and Thame Parkway 888752
25%
London Underground Harlesden 1553164
25%
Northern Trains Harrogate 1879366
25%
Chiltern Railways Hatton 34912
25%
ScotRail Haymarket 3334408
25%
Heathrow Express Heathrow Terminal 4 (Rail Station Only) 2058248
25%
Heathrow Express Heathrow Terminal 5 (Rail Station Only) 4704568
25%
TfW Rail Hereford 1229916
25%
Greater Anglia Hertford East 1076556
25%
Govia Thameslink Railway (Great Northern) Hertford North 1031580
25%
Northern Trains Heysham Port 12764
25%
Chiltern Railways High Wycombe 2160748
25%
TfW Rail Holyhead 236886
25%
South Western Railway Honiton 337040
25%
Govia Thameslink Railway (Southern) Horsham 2464238
25%
Govia Thameslink Railway (Southern) Hove 2028988
25%
ScotRail Inverness 1172640
25%
Great Western Railway Ivybridge 136994
25%
Northern Trains Keighley 1405910
25%
West Midlands Trains (West Midlands Railway) Kidderminster 1242114
25%
Great Western Railway Kings Nympton 6498
25%
Chiltern Railways King's Sutton 82030
25%
South Western Railway Kingston 4360664
25%
South Western Railway (Island Line) Lake 19744
25%
Elizabeth line Langley (Berks) 1153338
25%
Govia Thameslink Railway (Southern) Leatherhead 1480646
25%
East Midlands Railway Leicester 5527136
25%
Govia Thameslink Railway (Southern) Leigh (Kent) 41564
25%
c2c Leigh-On-Sea 1689868
25%
Govia Thameslink Railway (Southern) Lewes 2626246
25%
c2c Limehouse 2559778
25%
TfW Rail Llandudno Junction 397122
25%
Govia Thameslink Railway (Thameslink) London Blackfriars 15193088
25%
Network Rail London Euston 40248974
25%
Network Rail London King's Cross 27727108
25%
Great Western Railway Lympstone Commando 86996
25%
Great Western Railway Lympstone Village 92994
25%
Northern Trains Lytham 128104
25%
Great Western Railway Maidenhead 4850106
25%
East Midlands Railway Mansfield 323412
25%
Greater Anglia March 373732
25%
Southeastern Margate 1287330
25%
Great Western Railway Marlow 361450
25%
Great Western Railway Marsh Barton 108848
25%
East Midlands Railway Matlock 227012
25%
South Western Railway Milford (Surrey) 193900
25%
Northern Trains Mill Hill (Lancs) 60484
25%
West Midlands Trains (London Northwestern Railway) Milton Keynes Central 6099600
25%
Northern Trains Morecambe 174950
25%
South Western Railway Moreton (Dorset) 78828
25%
Great Western Railway Moreton-In-Marsh 375804
25%
Merseyrail Moreton (Merseyside) 552768
25%
ScotRail Motherwell 1049030
25%
Great Western Railway Newcourt 154772
25%
Southeastern New Cross 3180844
25%
London Overground New Cross Gate 4550170
25%
Greater Anglia Newport (Essex) 206012
25%
TfW Rail Newport (South Wales) 2817472
25%
Great Western Railway Newton Abbot 1334872
25%
ScotRail Newton (Lanark) 609912
25%
West Midlands Trains (London Northwestern Railway) Northampton 2847378
25%
ScotRail North Berwick 566242
25%
West Midlands Trains (West Midlands Railway) Northfield 643106
25%
Greater Anglia Northumberland Park 1052358
25%
East Midlands Railway Oakham 226030
25%
Avanti West Coast Oxenholme Lake District 675144
25%
Great Western Railway Par 222704
25%
TfW Rail Pembroke 35106
25%
South Western Railway Pinhoe 231830
25%
Great Western Railway Polsloe Bridge 188694
25%
South Western Railway Portsmouth and Southsea 1585586
25%
TfW Rail Prestatyn 368882
25%
South Western Railway Putney 5645484
25%
Southeastern Ramsgate 1375656
25%
Great Western Railway Reading West 481548
25%
West Midlands Trains (West Midlands Railway) Redditch 910428
25%
Govia Thameslink Railway (Southern) Redhill 3175326
25%
Govia Thameslink Railway (Southern) Reigate 1168558
25%
South Western Railway Richmond (London) 9515642
25%
Avanti West Coast Rugby 2392296
25%
Avanti West Coast Runcorn 731962
25%
South Western Railway Salisbury 2004688
25%
South Western Railway (Island Line) Shanklin 146234
25%
TfW Rail Shotton 276948
25%
TfW Rail Shrewsbury 2321270
25%
East Midlands Railway Skegness 397520
25%
South Western Railway Southampton Airport Parkway 1444254
25%
Greater Anglia Southend Victoria 1385546
25%
Avanti West Coast Stafford 2456512
25%
Greater Anglia Stansted Airport 10090904
25%
Great Western Railway Starcross 107218
25%
ScotRail Stirling 2527778
25%
Great Western Railway St James Park (Exeter) 145446
25%
Avanti West Coast Stoke-On-Trent 3015802
25%
Southeastern Strood (Kent) 1167638
25%
Great Western Railway Stroud (Gloucs) 655356
25%
Govia Thameslink Railway (Southern) Sutton (London) 4639520
25%
Southeastern Swanley 1523582
25%
Great Western Railway Teignmouth 760568
25%
TransPennine Express Thirsk 288024
25%
Great Western Railway Tiverton Parkway 682906
25%
Southeastern Tonbridge 4048158
25%
Great Western Railway Topsham 300338
25%
Great Western Railway Torre 376492
25%
Govia Thameslink Railway (Southern) Tulse Hill 2181520
25%
Great Western Railway Twyford 1754790
25%
Northern Trains Ulverston 290354
25%
NI Railways University 149088
25%
West Midlands Trains (West Midlands Railway) University (Birmingham) 3755612
25%
c2c Upminster 5020900
25%
East Midlands Railway Uttoxeter 188406
25%
South Western Railway Vauxhall 15534168
25%
Northern Trains Wakefield Kirkgate 611788
25%
Chiltern Railways Warwick 619458
25%
West Midlands Trains (London Northwestern Railway) Watford Junction 6940122
25%
Southeastern Welling 1527888
25%
West Midlands Trains (West Midlands Railway) Wellington (Shropshire) 676396
25%
Govia Thameslink Railway (Great Northern) Welwyn Garden City 2516216
25%
TfW Rail Wem 112096
25%
South Western Railway Whimple 51140
25%
Northern Trains Whitby 153478
25%
London Underground Whitechapel 37140828
25%
Northern Trains Widnes 428030
25%
Northern Trains Wigan Wallgate 1253014
25%
Northern Trains Wilmslow 1248708
25%
South Western Railway Winchester 4593936
25%
Northern Trains Windermere 402704
25%
Great Western Railway Windsor and Eton Central 1708274
25%
South Western Railway Windsor and Eton Riverside 1143218
25%
South Western Railway Wokingham 1902086
25%
Elizabeth line Woolwich 13755990
25%
Southeastern Woolwich Arsenal 2269060
25%
West Midlands Trains (West Midlands Railway) Worcester Foregate Street 1914248
25%
TransPennine Express Yarm 145970
25%
Great Western Railway Yatton 527348
25%
Great Western Railway Yeoford 19890
25%
South Western Railway Yeovil Junction 221442
25%
TfW Rail Aberdare 341438
13%
TfW Rail Aberdovey 49838
13%
Northern Trains Acklington 856
13%
West Midlands Trains (West Midlands Railway) Albrighton 92196
13%
Great Western Railway Aldermaston 71290
13%
South Western Railway Aldershot 1371112
13%
Govia Thameslink Railway (Great Northern) Alexandra Palace 1855806
13%
ScotRail Alexandra Parade 343914
13%
Northern Trains Allens West 99646
13%
Northern Trains Altrincham 316474
13%
West Midlands Trains (West Midlands Railway) Alvechurch 163368
13%
London Underground Amersham 1892926
13%
South Western Railway Andover 1141420
13%
NI Railways Antrim 661714
13%
Northern Trains Appleby 63348
13%
Great Western Railway Appleford 9074
13%
ScotRail Arbroath 362306
13%
Govia Thameslink Railway (Great Northern) Arlesey 688476
13%
Northern Trains Arnside 119618
13%
Govia Thameslink Railway (Southern) Arundel 308686
13%
South Western Railway Ascot (Berks) 947036
13%
Great Western Railway Ashchurch for Tewkesbury 108740
13%
Northern Trains Ashington 130630
13%
Northern Trains Ashley 8648
13%
Great Western Railway Ashley Down 50988
13%
Northern Trains Ashton-Under-Lyne 180238
13%
Govia Thameslink Railway (Southern) Ashurst (Kent) 27738
13%
South Western Railway Ashurst New Forest 108328
13%
South Western Railway Ash Vale 358324
13%
West Midlands Trains (London Northwestern Railway) Atherstone 113120
13%
Northern Trains Atherton 218476
13%
East Midlands Railway Attenborough 96094
13%
ScotRail Aviemore 123654
13%
Great Western Railway Avoncliff 25078
13%
Great Western Railway Avonmouth 171440
13%
Southeastern Aylesford 184616
13%
Northern Trains Baildon 210976
13%
Northern Trains Bardon Mill 10046
13%
c2c Barking 13359426
13%
TfW Rail Barmouth 236854
13%
South Western Railway Barnes 2251810
13%
South Western Railway Barnes Bridge 872264
13%
Govia Thameslink Railway (Southern) Barnham 1032190
13%
West Midlands Trains (West Midlands Railway) Barnt Green 327146
13%
East Midlands Railway Barton-On-Humber 33106
13%
Chiltern Railways Beaconsfield 1146906
13%
South Western Railway Beaulieu Road 19838
13%
Merseyrail Bebington 917836
13%
Greater Anglia Beccles 129850
13%
Southeastern Beckenham Junction 1694068
13%
West Midlands Trains (London Northwestern Railway) Bedford St Johns 175552
13%
South Western Railway Bedhampton 86206
13%
Great Western Railway Bedminster 140918
13%
Great Western Railway Bedwyn 99948
13%
NI Railways Belfast Grand Central 3069939
13%
East Midlands Railway Belper 219184
13%
Southeastern Belvedere 696406
13%
Great Western Railway Bere Alston 39426
13%
Great Western Railway Bere Ferrers 14614
13%
London North Eastern Railway Berwick-Upon-Tweed 707310
13%
West Midlands Trains (West Midlands Railway) Bescot Stadium 154824
13%
Northern Trains Beverley 754186
13%
Southeastern Bexley 1096808
13%
Southeastern Bexleyheath 1475374
13%
Govia Thameslink Railway (Great Northern) Biggleswade 894928
13%
West Midlands Trains (West Midlands Railway) Bilbrook 139092
13%
Greater Anglia Billericay 2348512
13%
Northern Trains Billingham 118110
13%
Govia Thameslink Railway (Southern) Billingshurst 447136
13%
Northern Trains Bingley 1017970
13%
Merseyrail Birkenhead Central 644332
13%
Merseyrail Birkenhead North 944022
13%
Chiltern Railways Birmingham Moor Street 7148012
13%
West Midlands Trains (West Midlands Railway) Birmingham Snow Hill 3153970
13%
ScotRail Bishopbriggs 758698
13%
South Western Railway Bitterne 83962
13%
Southeastern Blackheath 2278510
13%
Northern Trains Blackpool Pleasure Beach 118576
13%
Great Western Railway Blackwater 383848
13%
West Midlands Trains (West Midlands Railway) Blake Street 344892
13%
Northern Trains Blaydon 69496
13%
East Midlands Railway Blythe Bridge 103852
13%
London Underground Bond Street 42752242
13%
Northern Trains Bootle (Cumbria) 13844
13%
West Midlands Trains (West Midlands Railway) Bordesley 29062
13%
Govia Thameslink Railway (Southern) Bosham 69330
13%
South Western Railway Botley 154578
13%
Great Western Railway Bourne End 254624
13%
West Midlands Trains (West Midlands Railway) Bournville 996134
13%
South Western Railway Bracknell 1775202
13%
Northern Trains Bradford Forster Square 1457418
13%
Northern Trains Bradford Interchange 2359354
13%
Great Western Railway Bradford-On-Avon 532216
13%
Great Western Railway Bramley (Hampshire) 264730
13%
Northern Trains Bramley (West Yorkshire) 336358
13%
Northern Trains Brampton (Cumbria) 15976
13%
Greater Anglia Brampton (Suffolk) 14508
13%
South Western Railway Branksome 280126
13%
TfW Rail Bridgend 1379566
13%
Great Western Railway Bridgwater 486562
13%
Northern Trains Bridlington 546078
13%
Northern Trains Brigg 1636
13%
Northern Trains Brighouse 387592
13%
Southeastern Broadstairs 794074
13%
South Western Railway Brockenhurst 986394
13%
Merseyrail Bromborough 530726
13%
Southeastern Bromley North 226164
13%
West Midlands Trains (West Midlands Railway) Bromsgrove 695994
13%
TransPennine Express Brough 551506
13%
Great Western Railway Bruton 53002
13%
Great Western Railway Bugle 6528
13%
Elizabeth line Burnham (Buckinghamshire) 1725890
13%
Northern Trains Burnley Barracks 29796
13%
Northern Trains Burnley Manchester Road 583322
13%
Northern Trains Burscough Bridge 166054
13%
Northern Trains Burscough Junction 50780
13%
South Western Railway Bursledon 68028
13%
Greater Anglia Bury St Edmunds 929244
13%
London Overground Bushey 1225400
13%
West Midlands Trains (West Midlands Railway) Butlers Lane 193930
13%
TfW Rail Caldicot 87972
13%
Great Western Railway Calstock 38968
13%
Great Western Railway Cam and Dursley 239284
13%
South Western Railway Camberley 364372
13%
Great Western Railway Camborne 372746
13%
London Overground Cambridge Heath 1050568
13%
West Midlands Trains (West Midlands Railway) Canley 453276
13%
West Midlands Trains (West Midlands Railway) Cannock 329244
13%
Merseyrail Capenhurst 206002
13%
Great Western Railway Carbis Bay 276938
13%
TfW Rail Cardiff Bay 755714
13%
TfW Rail Cardiff Queen Street 2010584
13%
Northern Trains Carnforth 196102
13%
Govia Thameslink Railway (Southern) Carshalton 1139060
13%
Govia Thameslink Railway (Southern) Carshalton Beeches 786788
13%
Great Western Railway Castle Bar Park 112884
13%
Great Western Railway Castle Cary 354740
13%
Northern Trains Castleton (Manchester) 141112
13%
Govia Thameslink Railway (Southern) Caterham 584834
13%
Northern Trains Cattal 103416
13%
Great Western Railway Causeland 2108
13%
London Underground Chalfont and Latimer 780010
13%
South Western Railway Chandler's Ford 157796
13%
Northern Trains Chapeltown (South Yorkshire) 382952
13%
Southeastern Charing (Kent) 94218
13%
Great Western Railway Charlbury 343240
13%
Southeastern Chartham 102986
13%
Northern Trains Chathill 1580
13%
Northern Trains Cheadle Hulme 650726
13%
Greater Anglia Chelmsford 7030130
13%
TfW Rail Chepstow 239434
13%
South Western Railway Chertsey 638340
13%
Greater Anglia Cheshunt 2547310
13%
South Western Railway Chessington North 488812
13%
South Western Railway Chessington South 344218
13%
East Midlands Railway Chesterfield 1820668
13%
Northern Trains Chester-Le-Street 232324
13%
West Midlands Trains (West Midlands Railway) Chester Road 658658
13%
Great Western Railway Chetnole 2638
13%
London Overground Chingford 2036058
13%
Great Western Railway Chippenham 1713674
13%
South Western Railway Chiswick 707048
13%
South Western Railway Christchurch 484080
13%
Govia Thameslink Railway (Southern) Christ's Hospital 168878
13%
Northern Trains Church Fenton 159050
13%
TfW Rail Church Stretton 123462
13%
London Overground Clapham High Street 1383296
13%
TransPennine Express Cleethorpes 307184
13%
Great Western Railway Clifton Down 817690
13%
Southeastern Clock House 1067284
13%
West Midlands Trains (West Midlands Railway) Codsall 135854
13%
Greater Anglia Colchester Town 1012034
13%
Great Western Railway Combe (Oxon) 1326
13%
Northern Trains Conisbrough 96416
13%
Great Western Railway Cookham 204462
13%
Great Western Railway Copplestone 41732
13%
TfW Rail Coryton 76514
13%
West Midlands Trains (West Midlands Railway) Coseley 519672
13%
West Midlands Trains (West Midlands Railway) Cosford 82350
13%
Northern Trains Cottingham 318072
13%
West Midlands Trains (West Midlands Railway) Coventry Arena 135028
13%
ScotRail Cowdenbeath 121674
13%
Govia Thameslink Railway (Southern) Cowden (Kent) 48136
13%
West Midlands Trains (West Midlands Railway) Cradley Heath 719310
13%
Northern Trains Cramlington 183856
13%
South Western Railway Crewkerne 177884
13%
East Midlands Railway Cromford 49680
13%
Northern Trains Crossflatts 442214
13%
Govia Thameslink Railway (Southern) Crowborough 254886
13%
Great Western Railway Crowthorne 248220
13%
London Overground Crystal Palace 2781506
13%
Northern Trains Dalston (Cumbria) 57392
13%
London Overground Dalston Junction 5648732
13%
Northern Trains Dalton (Cumbria) 78420
13%
Northern Trains Danby 8520
13%
Southeastern Deal 529856
13%
Northern Trains Deansgate 1719378
13%
Chiltern Railways Denham 212456
13%
Chiltern Railways Denham Golf Club 33726
13%
NI Railways Derry/Londonderry 963312
13%
TransPennine Express Dewsbury 947090
13%
Great Western Railway Dilton Marsh 21574
13%
Northern Trains Dinsdale 88380
13%
Great Western Railway Dockyard (Devonport) 15102
13%
South Western Railway Dorchester South 466422
13%
Great Western Railway Dorchester West 96844
13%
Great Western Railway Dorking Deepdene 506136
13%
Great Western Railway Dorking West 40162
13%
Chiltern Railways Dorridge 824680
13%
Northern Trains Drigg 7076
13%
West Midlands Trains (West Midlands Railway) Droitwich Spa 519318
13%
Northern Trains Dronfield 229562
13%
West Midlands Trains (West Midlands Railway) Duddeston 340568
13%
West Midlands Trains (West Midlands Railway) Dudley Port 375972
13%
East Midlands Railway Duffield 66536
13%
Southeastern Dumpton Park 45098
13%
ScotRail Dunblane 451060
13%
Northern Trains Dunston 50828
13%
Elizabeth line Ealing Broadway 15456598
13%
South Western Railway Earley 425632
13%
South Western Railway Earlsfield 5569216
13%
Govia Thameslink Railway (Southern) Earlswood (Surrey) 352176
13%
West Midlands Trains (West Midlands Railway) Earlswood (West Midlands) 33834
13%
Govia Thameslink Railway (Southern) East Croydon 20592106
13%
Govia Thameslink Railway (Southern) East Grinstead 1100494
13%
Merseyrail Eastham Rake 371254
13%
South Western Railway Eastleigh 1191848
13%
ScotRail East Linton 66982
13%
Northern Trains Eccles (Manchester) 257328
13%
Great Western Railway Eggesford 52658
13%
Southeastern Elmers End 802120
13%
Govia Thameslink Railway (Southern) Emsworth 362368
13%
Govia Thameslink Railway (Great Northern) Enfield Chase 1166152
13%
London Overground Enfield Town 2343318
13%
Govia Thameslink Railway (Southern) Epsom (Surrey) 3342368
13%
West Midlands Trains (West Midlands Railway) Erdington 481364
13%
Southeastern Erith 740404
13%
Great Western Railway Evesham 287118
13%
Govia Thameslink Railway (Southern) Ewell East 490410
13%
South Western Railway Ewell West 970948
13%
TfW Rail Fairbourne 44390
13%
South Western Railway Fareham 1740046
13%
South Western Railway Farnborough (Main) 2235212
13%
Great Western Railway Farnborough North 483280
13%
South Western Railway Farncombe 568436
13%
South Western Railway Farnham 1494080
13%
Northern Trains Farnworth 50790
13%
Greater Anglia Felixstowe 278504
13%
Northern Trains Filey 172798
13%
Great Western Railway Filton Abbey Wood 693586
13%
Govia Thameslink Railway (Great Northern) Finsbury Park 11176026
13%
Govia Thameslink Railway (Southern) Fishbourne (Sussex) 67938
13%
Southeastern Folkestone Central 817324
13%
West Midlands Trains (West Midlands Railway) Four Oaks 701024
13%
South Western Railway Fratton 2080340
13%
Great Western Railway Freshford 55412
13%
South Western Railway Frimley 204590
13%
Northern Trains Frizinghall 433232
13%
Great Western Railway Frome 288048
13%
Great Western Railway Furze Platt 178240
13%
Northern Trains Garforth 561056
13%
Northern Trains Giggleswick 15486
13%
South Western Railway Godalming 1687572
13%
Govia Thameslink Railway (Great Northern) Gordon Hill 1152836
13%
Great Western Railway Goring and Streatley 360440
13%
Northern Trains Gorton 58130
13%
Glasgow Subway Govan 716889
13%
Northern Trains Grange-Over-Sands 154568
13%
South Western Railway Grateley 281170
13%
West Midlands Trains (West Midlands Railway) Gravelly Hill 390286
13%
c2c Grays 3585722
13%
West Midlands Trains (West Midlands Railway) Great Malvern 428770
13%
Southeastern Greenhithe 856592
13%
Merseyrail Green Lane 374800
13%
Southeastern Grove Park 2296634
13%
Great Western Railway Gunnislake 50302
13%
Govia Thameslink Railway (Great Northern) Hadley Wood 362264
13%
West Midlands Trains (West Midlands Railway) Hagley 494246
13%
Northern Trains Hale (Manchester) 130750
13%
Northern Trains Halifax 1803018
13%
West Midlands Trains (West Midlands Railway) Hall Green 339132
13%
Northern Trains Haltwhistle 96252
13%
South Western Railway Hamble 89658
13%
Northern Trains Hammerton 56850
13%
South Western Railway Hamworthy 145478
13%
Govia Thameslink Railway (Thameslink) Harpenden 2806312
13%
Govia Thameslink Railway (Great Northern) Harringay 1140210
13%
London Overground Harringay Green Lanes 1425034
13%
London Underground Harrow and Wealdstone 3966818
13%
Greater Anglia Harwich Town 112064
13%
South Western Railway Haslemere 1457816
13%
Govia Thameslink Railway (Great Northern) Hatfield (Herts) 2458060
13%
South Western Railway Havant 2082866
13%
Northern Trains Haydon Bridge 47444
13%
Southeastern Hayes (Kent) 940160
13%
Great Western Railway Hayle 154548
13%
Northern Trains Hazel Grove 518622
13%
Northern Trains Headingley 391286
13%
Heathrow Express Heathrow Terminals 2 and 3 (Rail Station Only) 7938962
13%
South Western Railway Hedge End 402116
13%
Northern Trains Heighington 37274
13%
Govia Thameslink Railway (Thameslink) Hendon 1027036
13%
West Midlands Trains (West Midlands Railway) Henley-In-Arden 88760
13%
Great Western Railway Henley-On-Thames 835354
13%
Southeastern Herne Bay 834602
13%
Northern Trains Heworth 45528
13%
Southeastern Higham 138280
13%
Great Western Railway Highbridge and Burnham 248906
13%
South Western Railway Hilsea 360224
13%
East Midlands Railway Hinckley (Leics) 377764
13%
South Western Railway Hinton Admiral 134158
13%
Govia Thameslink Railway (Great Northern) Hitchin 2940178
13%
South Western Railway Holton Heath 42058
13%
Great Western Railway Honeybourne 113180
13%
South Western Railway Hook 487728
13%
Merseyrail Hooton 729906
13%
Northern Trains Hope (Derbyshire) 97946
13%
TfW Rail Hope (Flintshire) 23332
13%
Northern Trains Horden 164582
13%
Northern Trains Hornbeam Park 458274
13%
Northern Trains Horsforth 889978
13%
Northern Trains Howden 135878
13%
TransPennine Express Huddersfield 3136040
13%
Great Western Railway Hungerford 311612
13%
Govia Thameslink Railway (Great Northern) Huntingdon 1572480
13%
Northern Trains Huyton 694522
13%
Glasgow Subway Ibrox 532183
13%
Elizabeth line Ilford 10927468
13%
Northern Trains Ilkley 1358126
13%
Chiltern Railways Islip 39188
13%
Elizabeth line Iver 362658
13%
West Midlands Trains (West Midlands Railway) Jewellery Quarter 446292
13%
Great Western Railway Kemble 444760
13%
West Midlands Trains (London Northwestern Railway) Kempston Hardwick 9782
13%
East Midlands Railway Kettering 1136558
13%
London Underground Kew Gardens 1368612
13%
Great Western Railway Keyham 16126
13%
Great Western Railway Keynsham 566218
13%
East Midlands Railway Kidsgrove 287730
13%
Great Western Railway Kingham 251844
13%
West Midlands Trains (West Midlands Railway) Kings Norton 933856
13%
ScotRail Kings Park 191560
13%
Great Western Railway Kintbury 75280
13%
Merseyrail Kirkby (Merseyside) 1605216
13%
ScotRail Kirkcaldy 856236
13%
Northern Trains Knaresborough 605486
13%
Northern Trains Knutsford 371236
13%
ScotRail Kyle Of Lochalsh 46788
13%
Southeastern Ladywell 1254886
13%
West Midlands Trains (West Midlands Railway) Langley Green 161198
13%
Great Western Railway Lapford 8488
13%
Chiltern Railways Lapworth 38396
13%
Great Western Railway Lawrence Hill 339856
13%
West Midlands Trains (West Midlands Railway) Lea Hall 442584
13%
West Midlands Trains (West Midlands Railway) Ledbury 194606
13%
West Midlands Trains (London Northwestern Railway) Leighton Buzzard 1523698
13%
Great Western Railway Lelant 31072
13%
Great Western Railway Lelant Saltings 650
13%
TfW Rail Leominster 260220
13%
Govia Thameslink Railway (Great Northern) Letchworth Garden City 1779634
13%
ScotRail Leuchars (For St. Andrews) 584032
13%
West Midlands Trains (West Midlands Railway) Lichfield City 777334
13%
West Midlands Trains (West Midlands Railway) Lichfield Trent Valley 887958
13%
ScotRail Linlithgow 1058874
13%
South Western Railway Liphook 608654
13%
Great Western Railway Liskeard 353556
13%
South Western Railway Liss 308448
13%
Northern Trains Littleborough 378280
13%
Govia Thameslink Railway (Southern) Littlehaven 281142
13%
Chiltern Railways Little Kimble 8926
13%
Merseyrail Liverpool James Street 3120046
13%
Merseyrail Liverpool South Parkway 2164108
13%
TfW Rail Llanelli 392682
13%
West Midlands Trains (West Midlands Railway) Longbridge 891698
13%
Southeastern Longfield 438942
13%
East Midlands Railway Longport 79242
13%
Great Western Railway Lostwithiel 94184
13%
East Midlands Railway Loughborough 1421786
13%
Northern Trains Low Moor 292378
13%
TfW Rail Ludlow 271100
13%
TfW Rail Lydney 194028
13%
West Midlands Trains (West Midlands Railway) Lye (West Midlands) 81124
13%
South Western Railway Lymington Pier 100770
13%
South Western Railway Lymington Town 242040
13%
TfW Rail Machynlleth 128212
13%
Great Western Railway Maiden Newton 21882
13%
Southeastern Maidstone East 1727430
13%
Southeastern Maidstone West 561432
13%
West Midlands Trains (West Midlands Railway) Malvern Link 320672
13%
Greater Anglia Manea 29708
13%
Northern Trains Manors 63914
13%
South Western Railway Martins Heron 432940
13%
Northern Trains Marton 32222
13%
Northern Trains Maryport 117158
13%
East Midlands Railway Matlock Bath 83590
13%
Northern Trains Meadowhall 1910838
13%
Great Western Railway Melksham 60930
13%
East Midlands Railway Melton Mowbray 257134
13%
Greater Anglia Melton (Suffolk) 89082
13%
Great Western Railway Menheniot 6232
13%
Southeastern Meopham 258728
13%
Northern Trains MetroCentre 632322
13%
South Western Railway Micheldever 131552
13%
Great Western Railway Midgham 44038
13%
TfW Rail Milford Haven 55930
13%
West Midlands Trains (London Northwestern Railway) Millbrook (Bedfordshire) 9282
13%
South Western Railway Millbrook (Hants) 36446
13%
TfW Rail Minffordd 18174
13%
Northern Trains Mirfield 364112
13%
Chiltern Railways Monks Risborough 20538
13%
Great Western Railway Montpelier 252028
13%
Merseyrail Moorfields 6630098
13%
London Underground Moorgate 8791382
13%
Great Western Railway Morchard Road 21854
13%
Northern Trains Morley 274298
13%
Northern Trains Morpeth 622614
13%
Great Western Railway Mortimer 157958
13%
Northern Trains Mossley (Manchester) 260288
13%
South Western Railway Mottisfont and Dunbridge 28832
13%
Great Western Railway Nailsea and Backwell 476312
13%
ScotRail Nairn 137890
13%
TfW Rail Neath 838778
13%
South Western Railway Netley 82450
13%
East Midlands Railway Newark Castle 618574
13%
Southeastern New Beckenham 721184
13%
Merseyrail New Brighton 1192234
13%
Great Western Railway Newbury Racecourse 114628
13%
Greater Anglia Newmarket 374156
13%
Northern Trains New Mills Central 162396
13%
South Western Railway New Milton 555078
13%
NI Railways Newry 397919
13%
Northern Trains Newsham 15576
13%
Northern Trains Newton Aycliffe 78114
13%
Great Western Railway Newton St Cyres 7648
13%
TfW Rail Newtown (Powys) 171366
13%
Great Western Railway North Camp 251252
13%
Southeastern Northfleet 257642
13%
Northern Trains North Road (Darlington) 51248
13%
West Midlands Trains (London Northwestern Railway) Nuneaton 1353578
13%
Northern Trains Nunthorpe 59464
13%
Govia Thameslink Railway (Southern) Nutbourne 66914
13%
West Midlands Trains (West Midlands Railway) Oakengates 71964
13%
Great Western Railway Oldfield Park 385994
13%
West Midlands Trains (West Midlands Railway) Old Hill 153512
13%
Govia Thameslink Railway (Southern) Ore 272106
13%
Merseyrail Ormskirk 2297090
13%
Southeastern Orpington 4989622
13%
Southeastern Otford 445500
13%
South Western Railway Overton 174202
13%
Chiltern Railways Oxford Parkway 654542
13%
Great Western Railway Pangbourne 373542
13%
Northern Trains Pannal 191634
13%
South Western Railway Parkstone (Dorset) 229410
13%
Great Western Railway Parson Street 204214
13%
ScotRail Partick 3091680
13%
Glasgow Subway Partick (Subway) 908567
13%
Great Western Railway Patchway 94176
13%
Northern Trains Pegswood 1468
13%
TfW Rail Pembroke Dock 46394
13%
Northern Trains Penistone 162898
13%
West Midlands Trains (West Midlands Railway) Penkridge 292594
13%
Great Western Railway Penmere 208582
13%
Great Western Railway Penryn (Cornwall) 284974
13%
Great Western Railway Perranwell 41538
13%
West Midlands Trains (West Midlands Railway) Perry Barr 184662
13%
Great Western Railway Pershore 115878
13%
South Western Railway Petersfield 1221202
13%
Great Western Railway Pewsey 209098
13%
Great Western Railway Pilning 294
13%
ScotRail Pitlochry 131400
13%
South Western Railway Pokesdown 377104
13%
West Midlands Trains (London Northwestern Railway) Polesworth 154
13%
Northern Trains Pontefract Baghill 18130
13%
Northern Trains Pontefract Monkhill 228628
13%
Northern Trains Poppleton 120380
13%
South Western Railway Portchester 366574
13%
Great Western Railway Portsmouth Arms 596
13%
TfW Rail Port Talbot Parkway 612070
13%
Great Western Railway Portway Park and Ride 59376
13%
Govia Thameslink Railway (Great Northern) Potters Bar 2486164
13%
ScotRail Prestonpans 257514
13%
Chiltern Railways Princes Risborough 513436
13%
Northern Trains Prudhoe 184264
13%
TfW Rail Pwllheli 98420
13%
ScotRail Queens Park (Glasgow) 728778
13%
London Underground Queens Park (London) 4882030
13%
Great Western Railway Quintrell Downs 3514
13%
Great Western Railway Radley 131590
13%
c2c Rainham (Essex) 1525196
13%
Southeastern Rainham (Kent) 1702048
13%
Great Western Railway Reading Green Park 221482
13%
South Western Railway Redbridge 33394
13%
Northern Trains Redcar Central 411366
13%
Northern Trains Redcar East 106420
13%
Northern Trains Reddish North 163300
13%
Northern Trains Reddish South 102
13%
Great Western Railway Redland 230370
13%
Great Western Railway Redruth 415576
13%
ScotRail Reston 29896
13%
London Underground Rickmansworth 998182
13%
Northern Trains Riding Mill 33170
13%
Merseyrail Rock Ferry 686206
13%
South Western Railway Romsey 456802
13%
Northern Trains Rotherham Central 463418
13%
South Western Railway Rowlands Castle 132580
13%
West Midlands Trains (West Midlands Railway) Rowley Regis 1014812
13%
West Midlands Trains (West Midlands Railway) Rugeley Town 185286
13%
West Midlands Trains (West Midlands Railway) Rugeley Trent Valley 201346
13%
TfW Rail Runcorn East 195576
13%
South Western Railway (Island Line) Ryde Esplanade 130196
13%
South Western Railway (Island Line) Ryde Pier Head 129184
13%
South Western Railway (Island Line) Ryde St John's Road 53256
13%
Northern Trains Salford Crescent 1306766
13%
Great Western Railway Saltash 162224
13%
Northern Trains Saltburn 356108
13%
Great Western Railway Sandhurst (Berks) 142410
13%
South Western Railway (Island Line) Sandown 81918
13%
Great Western Railway Sandplace 966
13%
West Midlands Trains (West Midlands Railway) Sandwell and Dudley 1005688
13%
Southeastern Sandwich 320174
13%
Govia Thameslink Railway (Great Northern) Sandy 679484
13%
TransPennine Express Scunthorpe 379072
13%
Northern Trains Seaham 164994
13%
Great Western Railway Sea Mills 81946
13%
Northern Trains Seaton Carew 98362
13%
Northern Trains Seaton Delaval 73076
13%
West Midlands Trains (West Midlands Railway) Selly Oak 2308762
13%
Northern Trains Settle 147464
13%
Great Western Railway Severn Beach 131212
13%
TfW Rail Severn Tunnel Junction 212668
13%
South Western Railway Shawford 140042
13%
Greater Anglia Shenfield 5814886
13%
West Midlands Trains (West Midlands Railway) Shenstone 149888
13%
South Western Railway Sherborne 207354
13%
West Midlands Trains (West Midlands Railway) Shifnal 236680
13%
Northern Trains Shildon 60288
13%
Great Western Railway Shiplake 128782
13%
Northern Trains Shipley (Yorks) 1195542
13%
East Midlands Railway Shirebrook 75060
13%
West Midlands Trains (West Midlands Railway) Shirley 314972
13%
South Western Railway Sholing 90740
13%
London Overground Shoreditch High Street 7294534
13%
Southeastern Shortlands 1128652
13%
Southeastern Sidcup 2614930
13%
Northern Trains Silverdale 48316
13%
Southeastern Sittingbourne 2326816
13%
Northern Trains Skipton 1286418
13%
West Midlands Trains (West Midlands Railway) Small Heath 224446
13%
West Midlands Trains (West Midlands Railway) Smethwick Galton Bridge 697590
13%
West Midlands Trains (West Midlands Railway) Smethwick Rolfe Street 403964
13%
Southeastern Snodland 275854
13%
Southeastern Sole Street 55630
13%
Chiltern Railways Solihull 1898584
13%
Northern Trains South Bank 29630
13%
Stobart Rail Southend Airport 231806
13%
c2c Southend East 1272114
13%
Merseyrail Southport 3788568
13%
East Midlands Railway South Wigston 133846
13%
East Midlands Railway Spalding 207774
13%
Merseyrail Spital 377240
13%
West Midlands Trains (West Midlands Railway) Spring Road 162146
13%
South Western Railway Staines 2371110
13%
TransPennine Express Stalybridge 840136
13%
Great Western Railway St Andrews Road 81974
13%
Great Western Railway Stapleton Road 305052
13%
Northern Trains Starbeck 267220
13%
Great Western Railway St Budeaux Ferry Road 4484
13%
Great Western Railway St Budeaux Victoria Road 11864
13%
Great Western Railway St Columb Road 3542
13%
South Western Railway St Denys 232936
13%
Northern Trains Steeton and Silsden 594902
13%
Glasgow Subway St Enoch 1897737
13%
Great Western Railway St Erth 444754
13%
Govia Thameslink Railway (Great Northern) Stevenage 4676446
13%
Great Western Railway St Germans 75942
13%
Northern Trains St Helens Central 669452
13%
Southeastern St Johns (London) 842382
13%
Great Western Railway St Keyne Wishing Well Halt 1586
13%
Southeastern St Leonards Warrior Square 1001396
13%
Southeastern St Mary Cray 1334744
13%
Govia Thameslink Railway (Great Northern) St Neots 1081866
13%
Northern Trains Stocksfield 52404
13%
ScotRail Stonehaven 480362
13%
Great Western Railway Stonehouse 193140
13%
West Midlands Trains (West Midlands Railway) Stourbridge Junction 1471990
13%
West Midlands Trains (West Midlands Railway) Stourbridge Town 378582
13%
HS1 Ltd Stratford International 2738944
13%
West Midlands Trains (West Midlands Railway) Stratford-Upon-Avon 840832
13%
West Midlands Trains (West Midlands Railway) Stratford-upon-Avon Parkway 109072
13%
Chiltern Railways Sudbury and Harrow Road 22952
13%
Greater Anglia Sudbury (Suffolk) 347900
13%
Southeastern Sundridge Park 193024
13%
South Western Railway Surbiton 7589564
13%
London Overground Surrey Quays 4933592
13%
West Midlands Trains (West Midlands Railway) Sutton Coldfield 1034854
13%
Southeastern Swanscombe 339604
13%
South Western Railway Swanwick 562910
13%
South Western Railway Sway 81398
13%
South Western Railway Swaythling 74572
13%
NI Railways Sydenham 250659
13%
London Overground Sydenham (London) 3541540
13%
East Midlands Railway Syston 213180
13%
Great Western Railway Tackley 25334
13%
West Midlands Trains (West Midlands Railway) Tame Bridge Parkway 632172
13%
West Midlands Trains (London Northwestern Railway) Tamworth 1240246
13%
Elizabeth line Taplow 528968
13%
Northern Trains Teesside Airport No Data
13%
West Midlands Trains (West Midlands Railway) Telford Central 1177576
13%
South Western Railway Templecombe 91732
13%
TfW Rail Tenby 133446
13%
Southeastern Teynham 181476
13%
Great Western Railway Thatcham 464916
13%
Great Western Railway Theale 390508
13%
West Midlands Trains (West Midlands Railway) The Hawthorns 334428
13%
West Midlands Trains (West Midlands Railway) The Lakes (Warks) 17778
13%
Greater Anglia Thetford 305618
13%
TransPennine Express Thornaby 659792
13%
Great Western Railway Thornford 2312
13%
c2c Thorpe Bay 667938
13%
Govia Thameslink Railway (Southern) Three Bridges 3307440
13%
ScotRail Thurso 36980
13%
West Midlands Trains (West Midlands Railway) Tile Hill 541526
13%
West Midlands Trains (West Midlands Railway) Tipton 358656
13%
South Western Railway Tisbury 191224
13%
Govia Thameslink Railway (Thameslink) Tooting 803666
13%
London Underground Tottenham Court Road 68133826
13%
South Western Railway Totton 216312
13%
TfW Rail Treherbert 175190
13%
TfW Rail Treorchy 125344
13%
Great Western Railway Trowbridge 904324
13%
Southeastern Tunbridge Wells 3038690
13%
West Midlands Trains (West Midlands Railway) Tyseley 243730
13%
Great Western Railway Umberleigh 54078
13%
TfW Rail Upton (Merseyside) 22192
13%
South Western Railway Upwey 53534
13%
South Western Railway Virginia Water 649794
13%
Govia Thameslink Railway (Southern) Waddon 604552
13%
Merseyrail Wallasey Grove Road 498762
13%
Merseyrail Wallasey Village 469056
13%
Govia Thameslink Railway (Southern) Wallington 1609134
13%
ScotRail Wallyford 349262
13%
London Overground Walthamstow Central 4272090
13%
London Overground Walthamstow Queen's Road 997432
13%
Govia Thameslink Railway (Southern) Wandsworth Common 961536
13%
South Western Railway Wandsworth Town 3786146
13%
Govia Thameslink Railway (Southern) Warblington 34634
13%
South Western Railway Wareham (Dorset) 301986
13%
Greater Anglia Ware (Herts) 1068458
13%
Great Western Railway Wargrave 110690
13%
Great Western Railway Warminster 355954
13%
Avanti West Coast Warrington Bank Quay 1468418
13%
Northern Trains Warrington Central 1268378
13%
Chiltern Railways Warwick Parkway 493384
13%
Merseyrail Waterloo (Merseyside) 1508982
13%
West Midlands Trains (West Midlands Railway) Water Orton 46796
13%
Northern Trains Weeton 94500
13%
TfW Rail Welshpool 176730
13%
Govia Thameslink Railway (Great Northern) Welwyn North 386640
13%
London Underground Wembley Central 4445524
13%
Great Western Railway Westbury 543050
13%
London Overground West Croydon 4370176
13%
Elizabeth line West Drayton 3533610
13%
London Underground West Ham 11065018
13%
Merseyrail West Kirby 1235638
13%
Great Western Railway Weston Milton 106898
13%
Great Western Railway Weston-Super-Mare 1041126
13%
TfW Rail Whitchurch (Cardiff) 22818
13%
South Western Railway Whitchurch (Hampshire) 200976
13%
TfW Rail Whitchurch (Shropshire) 164476
13%
Northern Trains Whitehaven 285082
13%
West Midlands Trains (West Midlands Railway) Whitlocks End 223908
13%
Southeastern Whitstable 876818
13%
Greater Anglia Whittlesea 51194
13%
ScotRail Wick 16046
13%
West Midlands Trains (West Midlands Railway) Widney Manor 345804
13%
Avanti West Coast Wigan North Western 1359554
13%
East Midlands Railway Willington 40140
13%
South Western Railway Wimbledon 13244436
13%
South Western Railway Winchfield 229000
13%
South Western Railway Winnersh 384120
13%
South Western Railway Winnersh Triangle 217550
13%
West Midlands Trains (West Midlands Railway) Witton (West Midlands) 342226
13%
West Midlands Trains (West Midlands Railway) Wood End 15744
13%
South Western Railway Woolston 180344
13%
Southeastern Woolwich Dockyard 315464
13%
South Western Railway Worcester Park 1422222
13%
Great Western Railway Worcestershire Parkway 456184
13%
West Midlands Trains (West Midlands Railway) Worcester Shrub Hill 577194
13%
Great Western Railway Worle 397542
13%
Govia Thameslink Railway (Southern) Worthing 2177490
13%
TfW Rail Wrexham Central 63048
13%
TfW Rail Wrexham General 684566
13%
Southeastern Wye 228560
13%
Northern Trains Wylam 110738
13%
West Midlands Trains (West Midlands Railway) Wylde Green 520686
13%
Southeastern Yalding 42188
13%
West Midlands Trains (West Midlands Railway) Yardley Wood 409064
13%
Great Western Railway Yate 359704
13%
Great Western Railway Yeovil Pen Mill 169742
13%
Great Western Railway Yetminster 7088
13%
TfW Rail Abercynon 189820
0%
ScotRail Aberdour 116962
0%
TfW Rail Abererch 3552
0%
TfW Rail Abergavenny 423316
0%
TfW Rail Abergele and Pensarn 104922
0%
Northern Trains Accrington 503794
0%
ScotRail Achanalt 550
0%
ScotRail Achnasheen 3340
0%
ScotRail Achnashellach 890
0%
Greater Anglia Acle 47882
0%
West Midlands Trains (West Midlands Railway) Acocks Green 417750
0%
West Midlands Trains (London Northwestern Railway) Acton Bridge (Cheshire) 54980
0%
London Overground Acton Central 1574010
0%
Elizabeth line Acton Main Line 2699464
0%
West Midlands Trains (West Midlands Railway) Adderley Park 147180
0%
ScotRail Addiewell 18496
0%
South Western Railway Addlestone 382112
0%
NI Railways Adelaide 198691
0%
Southeastern Adisham 26556
0%
Northern Trains Adlington (Cheshire) 24710
0%
Northern Trains Adlington (Lancashire) 166760
0%
Northern Trains Adwick 175978
0%
Merseyrail Aigburth 597462
0%
Merseyrail Ainsdale 892242
0%
Merseyrail Aintree 977074
0%
ScotRail Airbles 109620
0%
ScotRail Airdrie 809690
0%
Southeastern Albany Park 775024
0%
Northern Trains Alderley Edge 244220
0%
Govia Thameslink Railway (Southern) Aldrington 169826
0%
ScotRail Alexandria 185556
0%
East Midlands Railway Alfreton 382994
0%
ScotRail Alloa 528768
0%
ScotRail Alness 20482
0%
Greater Anglia Alresford (Essex) 97088
0%
East Midlands Railway Alsager 115024
0%
Greater Anglia Althorne (Essex) 33650
0%
Northern Trains Althorpe 3816
0%
ScotRail Altnabreac No Data
0%
East Midlands Railway Ambergate 39004
0%
Govia Thameslink Railway (Southern) Amberley 89218
0%
TfW Rail Ammanford 23694
0%
East Midlands Railway Ancaster 5532
0%
ScotRail Anderston 419400
0%
London Overground Anerley 948840
0%
Govia Thameslink Railway (Southern) Angmering 843312
0%
ScotRail Annan 127412
0%
ScotRail Anniesland 1013182
0%
Northern Trains Ansdell and Fairhaven 48776
0%
Northern Trains Apperley Bridge 455666
0%
Govia Thameslink Railway (Southern) Appledore (Kent) 29092
0%
Northern Trains Appley Bridge 126192
0%
West Midlands Trains (London Northwestern Railway) Apsley 518088
0%
ScotRail Ardgay 5734
0%
ScotRail Ardlui 4050
0%
ScotRail Ardrossan Harbour 84144
0%
ScotRail Ardrossan South Beach 167462
0%
ScotRail Ardrossan Town 17108
0%
Northern Trains Ardwick 262
0%
ScotRail Argyle Street 1279026
0%
ScotRail Arisaig 5572
0%
ScotRail Armadale (West Lothian) 232232
0%
Northern Trains Armathwaite 13282
0%
Northern Trains Arram 1030
0%
ScotRail Arrochar and Tarbet 20438
0%
Great Western Railway Ascott-Under-Wychwood 1282
0%
Northern Trains Ashburys 105284
0%
ScotRail Ashfield 64718
0%
Govia Thameslink Railway (Southern) Ashtead 1023956
0%
Govia Thameslink Railway (Great Northern) Ashwell and Morden 173122
0%
Northern Trains Askam 70730
0%
East Midlands Railway Aslockton 23218
0%
Northern Trains Aspatria 31666
0%
West Midlands Trains (London Northwestern Railway) Aspley Guise 8300
0%
ScotRail Attadale 1034
0%
Greater Anglia Attleborough 175046
0%
ScotRail Auchinleck 64852
0%
Greater Anglia Audley End 814130
0%
Merseyrail Aughton Park 185634
0%
Southeastern Aylesham 106320
0%
Merseyrail Bache 495366
0%
TfW Rail Baglan 35200
0%
South Western Railway Bagshot 120552
0%
ScotRail Baillieston 162068
0%
Govia Thameslink Railway (Southern) Balcombe 213026
0%
Govia Thameslink Railway (Great Northern) Baldock 568602
0%
Govia Thameslink Railway (Southern) Balham 5955232
0%
ScotRail Balloch 444334
0%
NI Railways Ballycarry 25791
0%
NI Railways Ballymena 883276
0%
NI Railways Ballymoney 490492
0%
NI Railways Balmoral 129703
0%
ScotRail Balmossie 1708
0%
Northern Trains Bamber Bridge 75068
0%
Northern Trains Bamford 72778
0%
ScotRail Banavie 6796
0%
NI Railways Bangor West 281836
0%
Merseyrail Bank Hall 226404
0%
Govia Thameslink Railway (Southern) Banstead 148780
0%
ScotRail Barassie 154888
0%
Northern Trains Bare Lane 119252
0%
ScotRail Bargeddie 98846
0%
TfW Rail Bargoed 188436
0%
London Overground Barking Riverside 1209476
0%
Southeastern Barming 236990
0%
Southeastern Barnehurst 955890
0%
TransPennine Express Barnetby 61434
0%
ScotRail Barnhill 84686
0%
ScotRail Barrhead 553018
0%
ScotRail Barrhill 3878
0%
East Midlands Railway Barrow Haven 1194
0%
East Midlands Railway Barrow-Upon-Soar 101842
0%
TfW Rail Barry 600062
0%
TfW Rail Barry Docks 285566
0%
TfW Rail Barry Island 446058
0%
ScotRail Barry Links 450
0%
c2c Basildon 2566830
0%
Southeastern Bat and Ball 218476
0%
ScotRail Bathgate 938148
0%
Northern Trains Batley 227096
0%
Northern Trains Battersby 2524
0%
Govia Thameslink Railway (Southern) Battersea Park 2183506
0%
Southeastern Battle 511760
0%
Greater Anglia Battlesbridge 22560
0%
Govia Thameslink Railway (Great Northern) Bayford 78874
0%
West Midlands Trains (West Midlands Railway) Bearley 2552
0%
ScotRail Bearsden 399528
0%
Southeastern Bearsted 316948
0%
ScotRail Beasdale 230
0%
ScotRail Beauly 33508
0%
Govia Thameslink Railway (Thameslink) Beckenham Hill 378666
0%
West Midlands Trains (West Midlands Railway) Bedworth 69046
0%
East Midlands Railway Beeston 606570
0%
Southeastern Bekesbourne 37720
0%
NI Railways Bellarena 74128
0%
Northern Trains Belle Vue 15288
0%
ScotRail Bellgrove 744374
0%
Govia Thameslink Railway (Thameslink) Bellingham 623114
0%
ScotRail Bellshill 643576
0%
Govia Thameslink Railway (Southern) Belmont 200356
0%
Southeastern Beltring 14532
0%
Northern Trains Bempton 23682
0%
c2c Benfleet 2439326
0%
Northern Trains Ben Rhydding 218,968
0%
Northern Trains Bentham 41208
0%
South Western Railway Bentley (Hampshire) 109846
0%
Northern Trains Bentley (South Yorkshire) 157944
0%
West Midlands Trains (London Northwestern Railway) Berkhamsted 1322820
0%
West Midlands Trains (West Midlands Railway) Berkswell 284690
0%
West Midlands Trains (West Midlands Railway) Bermuda Park 28434
0%
Greater Anglia Berney Arms 802
0%
Northern Trains Berry Brow 27114
0%
South Western Railway Berrylands 363954
0%
Northern Trains Bescar Lane 2442
0%
Great Western Railway Betchworth 14482
0%
London Overground Bethnal Green 1564066
0%
TfW Rail Betws-y-Coed 52838
0%
Govia Thameslink Railway (Southern) Bexhill 1488932
0%
Southeastern Bickley 738246
0%
Merseyrail Bidston 301450
0%
East Midlands Railway Bingham 72680
0%
TfW Rail Birchgrove 53024
0%
Southeastern Birchington-On-Sea 350024
0%
Northern Trains Birchwood 437172
0%
Govia Thameslink Railway (Southern) Birkbeck 105178
0%
Merseyrail Birkdale 1064598
0%
Merseyrail Birkenhead Park 669528
0%
Greater Anglia Bishop's Stortford 3003190
0%
Govia Thameslink Railway (Southern) Bishopstone (Sussex) 51166
0%
ScotRail Bishopton (Renfrewshire) 701908
0%
Northern Trains Blackburn 1297980
0%
London Underground Blackhorse Road 2693538
0%
ScotRail Blackridge 51822
0%
Northern Trains Blackrod 226316
0%
TfW Rail Blaenau Ffestiniog 47240
0%
ScotRail Blair Atholl 16446
0%
ScotRail Blairhill 377514
0%
West Midlands Trains (West Midlands Railway) Blakedown 96472
0%
ScotRail Blantyre 413806
0%
East Midlands Railway Bleasby 7552
0%
West Midlands Trains (West Midlands Railway) Bloxwich 114166
0%
West Midlands Trains (West Midlands Railway) Bloxwich North 123090
0%
Merseyrail Blundellsands and Crosby 1563538
0%
TfW Rail Bodorgan 7414
0%
ScotRail Bogston 27266
0%
Northern Trains Bolton-Upon-Dearne 77700
0%
South Western Railway Bookham 212440
0%
Merseyrail Bootle New Strand 885026
0%
Merseyrail Bootle Oriel Road 691544
0%
Southeastern Borough Green and Wrotham 438368
0%
TfW Rail Borth 61940
0%
East Midlands Railway Boston 267184
0%
NI Railways Botanic 1065284
0%
East Midlands Railway Bottesford 56560
0%
West Midlands Trains (London Northwestern Railway) Bow Brickhill 32874
0%
Govia Thameslink Railway (Great Northern) Bowes Park 524702
0%
ScotRail Bowling 27310
0%
TfW Rail Bow Street 34538
0%
Govia Thameslink Railway (Southern) Box Hill and Westhumble 145860
0%
South Western Railway (Island Line) Brading 17080
0%
Greater Anglia Braintree Freeport 141614
0%
Northern Trains Bramhall 214228
0%
ScotRail Branchton 122300
0%
Greater Anglia Brandon 128812
0%
Northern Trains Braystones 1472
0%
Northern Trains Bredbury 172036
0%
ScotRail Breich 5924
0%
Govia Thameslink Railway (Thameslink) Brent Cross West 675392
0%
South Western Railway Brentford 976928
0%
Elizabeth line Brentwood 3232020
0%
West Midlands Trains (London Northwestern Railway) Bricket Wood 27058
0%
ScotRail Bridge Of Allan 268412
0%
ScotRail Bridge Of Orchy 7958
0%
Glasgow Subway Bridge Street 412224
0%
ScotRail Bridgeton 802898
0%
Northern Trains Brierfield 36894
0%
Greater Anglia Brimsdown 1135474
0%
Northern Trains Brinnington 88708
0%
TfW Rail Brithdir 13052
0%
TfW Rail Briton Ferry 41642
0%
Northern Trains Broadbottom 130298
0%
Northern Trains Broad Green 415724
0%
Northern Trains Brockholes 37888
0%
London Overground Brockley 3668366
0%
Merseyrail Bromborough Rake 222626
0%
Northern Trains Bromley Cross (Lancs) 311940
0%
London Overground Brondesbury 2442938
0%
London Overground Brondesbury Park 1067324
0%
Govia Thameslink Railway (Great Northern) Brookmans Park 275238
0%
South Western Railway Brookwood 874760
0%
TfW Rail Broome 1682
0%
Northern Trains Broomfleet 1300
0%
ScotRail Brora 5836
0%
ScotRail Broughty Ferry 148586
0%
Greater Anglia Broxbourne 1797220
0%
London Overground Bruce Grove 1364934
0%
Greater Anglia Brundall 103312
0%
Greater Anglia Brundall Gardens 17886
0%
ScotRail Brunstane 156782
0%
Merseyrail Brunswick 847394
0%
Northern Trains Bryn 105238
0%
Glasgow Subway Buchanan Street 2489752
0%
Greater Anglia Buckenham 284
0%
TfW Rail Buckley 44006
0%
TfW Rail Bucknell 3858
0%
Northern Trains Buckshaw Parkway 355252
0%
TfW Rail Builth Road 5582
0%
East Midlands Railway Bulwell 71838
0%
Greater Anglia Bures 53342
0%
Govia Thameslink Railway (Southern) Burgess Hill 1676614
0%
Northern Trains Burley-In-Wharfedale 606872
0%
Northern Trains Burley Park 756200
0%
Northern Trains Burnage 171926
0%
Northern Trains Burneside (Cumbria) 28192
0%
Greater Anglia Burnham-On-Crouch 227510
0%
Northern Trains Burnley Central 114562
0%
ScotRail Burnside (South Lanarkshire) 225114
0%
ScotRail Burntisland 206194
0%
East Midlands Railway Burton Joyce 13392
0%
ScotRail Busby 110486
0%
London Overground Bush Hill Park 1188288
0%
Govia Thameslink Railway (Southern) Buxted 99310
0%
South Western Railway Byfleet and New Haw 408252
0%
TfW Rail Bynea 2716
0%
TfW Rail Cadoxton 322908
0%
TfW Rail Caergwrle 14738
0%
TfW Rail Caerphilly 623058
0%
TfW Rail Caersws 69134
0%
ScotRail Caldercruix 73754
0%
London Overground Caledonian Road and Barnsbury 1566788
0%
ScotRail Cambuslang 831150
0%
London Overground Camden Road 4330314
0%
ScotRail Camelon 165762
0%
ScotRail Cameron Bridge 45796
0%
London Underground Canada Water 18668762
0%
London Overground Canonbury 2834562
0%
Greater Anglia Cantley 20390
0%
ScotRail Cardenden 43222
0%
ScotRail Cardonald 222856
0%
ScotRail Cardross 156448
0%
ScotRail Carfin 118882
0%
Northern Trains Cark and Cartmel 93858
0%
East Midlands Railway Carlton 52580
0%
ScotRail Carluke 292568
0%
TfW Rail Carmarthen 439846
0%
ScotRail Carmyle 129922
0%
NI Railways Carnalea 95589
0%
ScotRail Carnoustie 137292
0%
ScotRail Carntyne 383786
0%
London Overground Carpenders Park 1224684
0%
ScotRail Carrbridge 7020
0%
NI Railways Carrickfergus 636231
0%
ScotRail Carstairs 31886
0%
ScotRail Cartsdyke 99116
0%
Northern Trains Castleford 487384
0%
NI Railways Castlerock 138598
0%
Northern Trains Castleton Moor 6668
0%
Govia Thameslink Railway (Thameslink) Catford 777398
0%
Southeastern Catford Bridge 2512134
0%
TfW Rail Cathays 933746
0%
ScotRail Cathcart 544872
0%
TfW Rail Cefn-Y-Bedd 8550
0%
Glasgow Subway Cessnock 433765
0%
Elizabeth line Chadwell Heath 4874090
0%
c2c Chafford Hundred Lakeside 2317972
0%
c2c Chalkwell 1286264
0%
Northern Trains Chapel-En-Le-Frith 77786
0%
Great Western Railway Chapelton (Devon) 160
0%
Greater Anglia Chappel and Wakes Colne 32962
0%
ScotRail Charing Cross (Glasgow) 1562948
0%
Southeastern Charlton 1269452
0%
Northern Trains Chassen Road 42472
0%
ScotRail Chatelherault 76190
0%
Govia Thameslink Railway (Southern) Cheam 932574
0%
West Midlands Trains (London Northwestern Railway) Cheddington 83010
0%
Northern Trains Chelford (Cheshire) 46262
0%
Southeastern Chelsfield 593350
0%
Northern Trains Cherry Tree 33742
0%
Southeastern Chestfield and Swalecliffe 107718
0%
Southeastern Chilham 66206
0%
Great Western Railway Chilworth 27352
0%
Northern Trains Chinley 128746
0%
Govia Thameslink Railway (Southern) Chipstead 87736
0%
TfW Rail Chirk 106900
0%
Southeastern Chislehurst 1012880
0%
Great Western Railway Cholsey 275420
0%
Northern Trains Chorley 716034
0%
London Underground Chorleywood 493600
0%
Northern Trains Church and Oswaldtwistle 59450
0%
TfW Rail Cilmeri 1066
0%
NI Railways City Hospital 376395
0%
Greater Anglia Clacton-on-Sea 836512
0%
South Western Railway Clandon 165566
0%
London Overground Clapton 2130232
0%
TfW Rail Clarbeston Road 7670
0%
ScotRail Clarkston 320542
0%
West Midlands Trains (West Midlands Railway) Claverdon 7820
0%
South Western Railway Claygate 516838
0%
ScotRail Cleland 107380
0%
NI Railways Clipperstown 171410
0%
Northern Trains Clitheroe 264536
0%
TfW Rail Clunderwen 22754
0%
ScotRail Clydebank 304952
0%
ScotRail Coatbridge Central 45164
0%
ScotRail Coatbridge Sunnyside 472270
0%
ScotRail Coatdyke 236050
0%
South Western Railway Cobham and Stoke D'abernon 508614
0%
TfW Rail Cogan 308096
0%
NI Railways Coleraine 932087
0%
East Midlands Railway Collingham 141448
0%
Govia Thameslink Railway (Southern) Collington 182218
0%
Northern Trains Colne 82154
0%
West Midlands Trains (West Midlands Railway) Colwall 63456
0%
Northern Trains Commondale 2120
0%
Northern Trains Congleton 323770
0%
ScotRail Connel Ferry 18594
0%
ScotRail Conon Bridge 11716
0%
Northern Trains Cononley 182966
0%
Merseyrail Conway Park 630102
0%
Govia Thameslink Railway (Southern) Cooden Beach 131188
0%
Govia Thameslink Railway (Southern) Cooksbridge 91322
0%
Great Western Railway Coombe Junction Halt 224
0%
Northern Trains Corbridge 77068
0%
ScotRail Corkerhill 209532
0%
Northern Trains Corkickle 65558
0%
ScotRail Corpach 3776
0%
ScotRail Corrour 20500
0%
Northern Trains Cottingley 52858
0%
Govia Thameslink Railway (Southern) Coulsdon South 1959570
0%
Govia Thameslink Railway (Southern) Coulsdon Town 97562
0%
Glasgow Subway Cowcaddens 431329
0%
ScotRail Craigendoran 163838
0%
TfW Rail Craven Arms 99908
0%
Southeastern Crayford 1086958
0%
Greater Anglia Cressing (Essex) 51142
0%
Merseyrail Cressington 530514
0%
East Midlands Railway Creswell 40768
0%
Govia Thameslink Railway (Great Northern) Crews Hill 119492
0%
ScotRail Crianlarich 16156
0%
TfW Rail Criccieth 36588
0%
Govia Thameslink Railway (Thameslink) Cricklewood 859464
0%
ScotRail Croftfoot 215558
0%
Govia Thameslink Railway (Thameslink) Crofton Park 699392
0%
Greater Anglia Cromer 249402
0%
ScotRail Crookston 184128
0%
Northern Trains Cross Gates 474490
0%
ScotRail Crosshill 297828
0%
TfW Rail Crosskeys 91558
0%
ScotRail Crossmyloof 710384
0%
Northern Trains Croston 56382
0%
London Overground Crouch Hill 901274
0%
Southeastern Crowhurst 45154
0%
Northern Trains Crowle 14622
0%
Northern Trains Cuddington 83840
0%
Govia Thameslink Railway (Great Northern) Cuffley 662862
0%
Great Western Railway Culham 113542
0%
NI Railways Cullybackey 214861
0%
ScotRail Culrain 318
0%
NI Railways Cultra 71305
0%
ScotRail Cumbernauld 187882
0%
ScotRail Cupar 196056
0%
ScotRail Curriehill 124218
0%
Elizabeth line Custom House 9794628
0%
TfW Rail Cwmbach 49736
0%
TfW Rail Cwmbran 431856
0%
TfW Rail Cynghordy 1188
0%
c2c Dagenham Dock 424946
0%
Northern Trains Daisy Hill 195254
0%
ScotRail Dalgety Bay 229602
0%
ScotRail Dalmally 13690
0%
ScotRail Dalmarnock 462014
0%
ScotRail Dalmeny 488872
0%
ScotRail Dalmuir 767842
0%
ScotRail Dalreoch 196628
0%
ScotRail Dalry 168264
0%
London Overground Dalston Kingsland 5308786
0%
ScotRail Dalwhinnie 3356
0%
TfW Rail Danescourt 83824
0%
West Midlands Trains (West Midlands Railway) Danzey 6170
0%
Northern Trains Darnall 22132
0%
Greater Anglia Darsham 68476
0%
Northern Trains Darton 120506
0%
Northern Trains Darwen 345590
0%
South Western Railway Datchet 228122
0%
Northern Trains Davenport 291496
0%
TfW Rail Deganwy 24334
0%
Northern Trains Deighton 63430
0%
Northern Trains Delamere 57136
0%
Northern Trains Denby Dale 107738
0%
Greater Anglia Derby Road (Ipswich) 95046
0%
NI Railways Derriaghy 151684
0%
NI Railways Dhu Varren 33237
0%
TfW Rail Dinas Powys 94876
0%
TfW Rail Dinas (Rhondda) 46050
0%
TfW Rail Dingle Road 161876
0%
ScotRail Dingwall 62120
0%
Northern Trains Dinting 87032
0%
Northern Trains Disley 156050
0%
Northern Trains Dodworth 47920
0%
TfW Rail Dolau 818
0%
Govia Thameslink Railway (Southern) Doleham 1706
0%
TfW Rail Dolgarrog 3588
0%
TfW Rail Dolwyddelan 6412
0%
Northern Trains Dore and Totley 240254
0%
Govia Thameslink Railway (Southern) Dormans 122678
0%
Northern Trains Dove Holes 10384
0%
Greater Anglia Dovercourt 168182
0%
TfW Rail Dovey Junction 41454
0%
Govia Thameslink Railway (Great Northern) Downham Market 440550
0%
NI Railways Downshire 172629
0%
Great Western Railway Drayton Green 23270
0%
Govia Thameslink Railway (Great Northern) Drayton Park 728922
0%
ScotRail Drem 152528
0%
Northern Trains Driffield 275396
0%
ScotRail Drumchapel 331424
0%
ScotRail Drumfrochar 71638
0%
ScotRail Drumgelloch 275672
0%
ScotRail Drumry 233208
0%
ScotRail Duirinish 904
0%
ScotRail Duke Street 224988
0%
Greater Anglia Dullingham 32026
0%
ScotRail Dumbarton Central 483282
0%
ScotRail Dumbarton East 339724
0%
ScotRail Dumbreck 148736
0%
ScotRail Dumfries 346310
0%
ScotRail Duncraig 354
0%
ScotRail Dunfermline City 569702
0%
ScotRail Dunfermline Queen Margaret 129910
0%
ScotRail Dunkeld and Birnam 61270
0%
ScotRail Dunlop 76002
0%
NI Railways Dunmurry 156407
0%
ScotRail Dunrobin Castle 1544
0%
Southeastern Dunton Green 195198
0%
Govia Thameslink Railway (Southern) Durrington-On-Sea 506616
0%
ScotRail Dyce 308806
0%
TfW Rail Dyffryn Ardudwy 21934
0%
Northern Trains Earlestown 330956
0%
TfW Rail Eastbrook 142166
0%
Northern Trains East Didsbury 299254
0%
Govia Thameslink Railway (Southern) East Dulwich 1335792
0%
ScotRail Easterhouse 317196
0%
Southeastern East Farleigh 38974
0%
Northern Trains East Garforth 185360
0%
ScotRail East Kilbride 582794
0%
Southeastern East Malling 93032
0%
East Midlands Railway East Midlands Parkway 355098
0%
Northern Trains Eastrington 3378
0%
c2c East Tilbury 384542
0%
Govia Thameslink Railway (Southern) East Worthing 470512
0%
TfW Rail Ebbw Vale Parkway 40736
0%
TfW Rail Ebbw Vale Town 248760
0%
Greater Anglia Eccles Road 1534
0%
Northern Trains Eccleston Park 74390
0%
Northern Trains Edale 171814
0%
Govia Thameslink Railway (Southern) Edenbridge (Kent) 175966
0%
Govia Thameslink Railway (Southern) Edenbridge Town 322154
0%
Southeastern Eden Park 558530
0%
Northern Trains Edge Hill 209880
0%
ScotRail Edinburgh Gateway 254676
0%
ScotRail Edinburgh Park 558812
0%
London Overground Edmonton Green 3486764
0%
South Western Railway Effingham Junction 243110
0%
South Western Railway Egham 1851978
0%
Northern Trains Egton 10100
0%
Govia Thameslink Railway (Thameslink) Elephant and Castle 2169236
0%
ScotRail Elgin 295372
0%
Southeastern Elmstead Woods 927220
0%
Greater Anglia Elmswell 121748
0%
Northern Trains Elsecar 196124
0%
Greater Anglia Elsenham (Essex) 222928
0%
Govia Thameslink Railway (Thameslink) Elstree and Borehamwood 2760150
0%
Southeastern Eltham 1758352
0%
East Midlands Railway Elton and Orston 68
0%
London Overground Emerson Park 302740
0%
TfW Rail Energlyn and Churchill Park 80900
0%
Greater Anglia Enfield Lock 1459366
0%
Northern Trains Entwistle 19988
0%
Govia Thameslink Railway (Southern) Epsom Downs 125822
0%
Govia Thameslink Railway (Southern) Eridge 82636
0%
South Western Railway Esher 877074
0%
ScotRail Eskbank 286350
0%
Govia Thameslink Railway (Great Northern) Essex Road 697932
0%
Southeastern Etchingham 209228
0%
Northern Trains Euxton Balshaw Lane 75928
0%
TfW Rail Ewenny Road 17476
0%
ScotRail Exhibition Centre (Glasgow) 1772544
0%
Southeastern Eynsford 155580
0%
Northern Trains Fairfield 25986
0%
ScotRail Fairlie 38032
0%
TfW Rail Fairwater 105640
0%
Southeastern Falconwood 823276
0%
ScotRail Falkirk Grahamston 611856
0%
ScotRail Falkirk High 773200
0%
ScotRail Falls Of Cruachan 1782
0%
Govia Thameslink Railway (Southern) Falmer 1421366
0%
Southeastern Farningham Road 131516
0%
ScotRail Fauldhouse 46148
0%
Govia Thameslink Railway (Southern) Faygate 9478
0%
Merseyrail Fazakerley 1107238
0%
ScotRail Fearn 3780
0%
Northern Trains Featherstone 86004
0%
South Western Railway Feltham 3626102
0%
West Midlands Trains (London Northwestern Railway) Fenny Stratford 26144
0%
TfW Rail Fernhill 27334
0%
Northern Trains Ferriby 55512
0%
TfW Rail Ferryside 16476
0%
TfW Rail Ffairfach 3992
0%
NI Railways Finaghy 139190
0%
London Overground Finchley Road and Frognal 1876386
0%
Great Western Railway Finstock 1136
0%
Govia Thameslink Railway (Southern) Fishersgate 97326
0%
TfW Rail Fishguard and Goodwick 18262
0%
TfW Rail Fishguard Harbour 9606
0%
East Midlands Railway Fiskerton 27828
0%
Northern Trains Fitzwilliam 273296
0%
Northern Trains Flimby 17316
0%
Govia Thameslink Railway (Thameslink) Flitwick 1276900
0%
Northern Trains Flixton 119346
0%
Northern Trains Flowery Field 183740
0%
Southeastern Folkestone West 970078
0%
Elizabeth line Forest Gate 5835876
0%
London Overground Forest Hill 4229240
0%
ScotRail Forres 131372
0%
ScotRail Forsinard 1562
0%
ScotRail Fort Matilda 115730
0%
ScotRail Fort William 176226
0%
Northern Trains Foxfield 14572
0%
Govia Thameslink Railway (Great Northern) Foxton 98982
0%
Southeastern Frant 112566
0%
Merseyrail Freshfield 589314
0%
Greater Anglia Frinton-on-Sea 208700
0%
TfW Rail Frodsham 269138
0%
South Western Railway Fulwell 437388
0%
Northern Trains Furness Vale 25792
0%
Northern Trains Gainsborough Central 2372
0%
East Midlands Railway Gainsborough Lea Road 211442
0%
ScotRail Galashiels 309374
0%
ScotRail Garelochhead 17740
0%
Northern Trains Gargrave 40672
0%
ScotRail Garrowhill 369700
0%
ScotRail Garscadden 217630
0%
Northern Trains Garsdale 17054
0%
West Midlands Trains (London Northwestern Railway) Garston (Hertfordshire) 53142
0%
Northern Trains Garswood 135728
0%
ScotRail Gartcosh 180516
0%
TfW Rail Garth (Bridgend County) 22396
0%
TfW Rail Garth (Powys) 1118
0%
ScotRail Garve 3964
0%
Northern Trains Gathurst 74078
0%
Northern Trains Gatley 373524
0%
ScotRail Georgemas Junction 1992
0%
Chiltern Railways Gerrards Cross 1102694
0%
Elizabeth line Gidea Park 2998252
0%
ScotRail Giffnock 235042
0%
Northern Trains Gilberdyke 76958
0%
TfW Rail Gilfach Fargoed 5142
0%
ScotRail Gilshochill 68720
0%
Govia Thameslink Railway (Southern) Gipsy Hill 1401264
0%
ScotRail Girvan 61504
0%
Northern Trains Glaisdale 19420
0%
TfW Rail Glan Conwy 7148
0%
Northern Trains Glasshoughton 108944
0%
Northern Trains Glazebrook 25546
0%
ScotRail Gleneagles 104594
0%
ScotRail Glenfinnan 18274
0%
ScotRail Glengarnock 290886
0%
ScotRail Glenrothes with Thornton 50756
0%
Northern Trains Glossop 739966
0%
Govia Thameslink Railway (Southern) Glynde 68736
0%
NI Railways Glynn 11142
0%
TfW Rail Gobowen 247608
0%
Northern Trains Godley 74244
0%
Govia Thameslink Railway (Southern) Godstone 67778
0%
Northern Trains Goldthorpe 72756
0%
ScotRail Golf Street 1292
0%
ScotRail Golspie 5352
0%
Great Western Railway Gomshall 58620
0%
Elizabeth line Goodmayes 4772640
0%
Northern Trains Goostrey 39526
0%
ScotRail Gorebridge 121090
0%
Govia Thameslink Railway (Southern) Goring-By-Sea 549464
0%
London Overground Gospel Oak 2664268
0%
ScotRail Gourock 400706
0%
TfW Rail Gowerton 158620
0%
East Midlands Railway Goxhill 10864
0%
Govia Thameslink Railway (Great Northern) Grange Park 493126
0%
TfW Rail Grangetown (Cardiff) 258616
0%
Northern Trains Great Ayton 13508
0%
Greater Anglia Great Bentley 105230
0%
Greater Anglia Great Chesterford 100560
0%
East Midlands Railway Great Coates 6340
0%
Chiltern Railways Great Missenden 399198
0%
Northern Trains Greenbank 214818
0%
ScotRail Greenfaulds 115778
0%
Northern Trains Greenfield 350528
0%
London Underground Greenford 140064
0%
NI Railways Greenisland 293393
0%
ScotRail Greenock Central 244898
0%
ScotRail Greenock West 334786
0%
Northern Trains Green Road 7480
0%
ScotRail Gretna Green 51464
0%
East Midlands Railway Grimsby Docks 3676
0%
TransPennine Express Grimsby Town 438712
0%
Northern Trains Grindleford 126460
0%
Northern Trains Grosmont 15484
0%
Northern Trains Guide Bridge 268220
0%
Northern Trains Guiseley 1019178
0%
London Underground Gunnersbury 1961546
0%
Greater Anglia Gunton 36122
0%
TfW Rail Gwersyllt 29408
0%
Northern Trains Gypsy Lane 44024
0%
East Midlands Railway Habrough 59518
0%
Govia Thameslink Railway (Southern) Hackbridge 911110
0%
London Overground Hackney Central 5316954
0%
London Overground Hackney Downs 3015486
0%
London Overground Hackney Wick 4211192
0%
Greater Anglia Haddiscoe 14758
0%
Northern Trains Hadfield 262940
0%
Northern Trains Hag Fold 73542
0%
London Overground Haggerston 3651250
0%
ScotRail Hairmyres 436178
0%
Greater Anglia Halesworth 124996
0%
Northern Trains Halewood 58030
0%
Southeastern Halling 109218
0%
Northern Trains Hall I' Th' Wood 196486
0%
Merseyrail Hall Road 383818
0%
ScotRail Hamilton Central 686520
0%
Merseyrail Hamilton Square 1657330
0%
ScotRail Hamilton West 683164
0%
Govia Thameslink Railway (Southern) Hampden Park (Sussex) 861166
0%
London Overground Hampstead Heath 3511646
0%
South Western Railway Hampton Court 1469460
0%
West Midlands Trains (West Midlands Railway) Hampton-In-Arden 210864
0%
South Western Railway Hampton (London) 948726
0%
South Western Railway Hampton Wick 810634
0%
West Midlands Trains (West Midlands Railway) Hamstead (Birmingham) 230862
0%
Govia Thameslink Railway (Southern) Ham Street 81830
0%
Great Western Railway Hanborough 376462
0%
Northern Trains Handforth 333294
0%
Elizabeth line Hanwell 1691400
0%
Northern Trains Hapton 13360
0%
TfW Rail Harlech 129000
0%
Greater Anglia Harling Road 1768
0%
Govia Thameslink Railway (Thameslink) Harlington (Bedfordshire) 307596
0%
Greater Anglia Harlow Mill 278544
0%
Greater Anglia Harlow Town 1847334
0%
Elizabeth line Harold Wood 3637666
0%
Southeastern Harrietsham 98904
0%
Northern Trains Harrington 36300
0%
London Underground Harrow-On-The-Hill 3069228
0%
West Midlands Trains (London Northwestern Railway) Hartford (Cheshire) 218272
0%
West Midlands Trains (West Midlands Railway) Hartlebury 66184
0%
ScotRail Hartwood 15140
0%
Greater Anglia Harwich International 117528
0%
Govia Thameslink Railway (Southern) Hassocks 1254686
0%
London Overground Hatch End 695916
0%
Northern Trains Hatfield and Stainforth 72000
0%
Greater Anglia Hatfield Peverel 361514
0%
Northern Trains Hathersage 112126
0%
Northern Trains Hattersley 87516
0%
East Midlands Railway Havenhouse 902
0%
TfW Rail Haverfordwest 113300
0%
TfW Rail Hawarden 30564
0%
TfW Rail Hawarden Bridge 10230
0%
ScotRail Hawkhead 217388
0%
Govia Thameslink Railway (Thameslink) Haydons Road 322800
0%
Elizabeth line Hayes and Harlington 8450164
0%
Merseyrail Headbolt Lane 1410668
0%
Southeastern Headcorn 578394
0%
London Overground Headstone Lane 516542
0%
Northern Trains Heald Green 420190
0%
East Midlands Railway Healing 6680
0%
TfW Rail Heath High Level 424834
0%
TfW Rail Heath Low Level 47556
0%
Northern Trains Heaton Chapel 623242
0%
Northern Trains Hebden Bridge 907830
0%
East Midlands Railway Heckington 40268
0%
West Midlands Trains (West Midlands Railway) Hednesford 276156
0%
NI Railways Helen's Bay 148239
0%
ScotRail Helensburgh Central 671306
0%
ScotRail Helensburgh Upper 12520
0%
Northern Trains Hellifield 42272
0%
ScotRail Helmsdale 4242
0%
TfW Rail Helsby 123710
0%
West Midlands Trains (London Northwestern Railway) Hemel Hempstead 1610586
0%
TfW Rail Hengoed 128690
0%
Northern Trains Hensall 580
0%
Southeastern Herne Hill 2434224
0%
South Western Railway Hersham 722278
0%
Northern Trains Hessle 82812
0%
TfW Rail Heswall 91244
0%
Govia Thameslink Railway (Southern) Hever 46240
0%
Great Western Railway Heyford 45552
0%
London Overground Highams Park 2737710
0%
Southeastern High Brooms 1148824
0%
London Underground Highbury and Islington 23982528
0%
ScotRail High Street (Glasgow) 841292
0%
Merseyrail Hightown 297352
0%
NI Railways Hilden 79145
0%
Southeastern Hildenborough 352930
0%
ScotRail Hillfoot 258436
0%
Glasgow Subway Hillhead 1,938,267
0%
ScotRail Hillington East 230266
0%
ScotRail Hillington West 274120
0%
Merseyrail Hillside 641590
0%
South Western Railway Hinchley Wood 283410
0%
Northern Trains Hindley 240130
0%
Southeastern Hither Green 2899052
0%
Greater Anglia Hockley 818190
0%
Southeastern Hollingbourne 62252
0%
Northern Trains Holmes Chapel 243856
0%
Govia Thameslink Railway (Southern) Holmwood 55806
0%
ScotRail Holytown 165274
0%
NI Railways Holywood 544998
0%
London Overground Homerton 4685786
0%
Northern Trains Honley 45226
0%
London Overground Honor Oak Park 2553270
0%
TfW Rail Hopton Heath 2230
0%
Govia Thameslink Railway (Southern) Horley 1312392
0%
Govia Thameslink Railway (Great Northern) Hornsey 1664926
0%
South Western Railway Horsley 348950
0%
Northern Trains Horton-In-Ribblesdale 23176
0%
Transport for Greater Manchester Horwich Parkway 549902
0%
Northern Trains Hoscar 802
0%
Northern Trains Hough Green 192584
0%
South Western Railway Hounslow 850306
0%
Greater Anglia Hoveton and Wroxham 134424
0%
West Midlands Trains (London Northwestern Railway) How Wood (Hertfordshire) 29104
0%
ScotRail Howwood (Renfrewshire) 75126
0%
London Overground Hoxton 4083552
0%
Merseyrail Hoylake 470456
0%
East Midlands Railway Hubberts Bridge 764
0%
East Midlands Railway Hucknall 168608
0%
Northern Trains Humphrey Park 30068
0%
Northern Trains Huncoat 24574
0%
Northern Trains Hunmanby 40664
0%
ScotRail Huntly 65636
0%
Merseyrail Hunts Cross 1400326
0%
Govia Thameslink Railway (Southern) Hurst Green 515280
0%
Northern Trains Hutton Cranswick 44492
0%
Northern Trains Hyde Central 68992
0%
Northern Trains Hyde North 43946
0%
East Midlands Railway Hykeham 208754
0%
ScotRail Hyndland 1389628
0%
Greater Anglia Hythe (Essex) 433168
0%
Govia Thameslink Railway (Southern) Ifield 257986
0%
East Midlands Railway Ilkeston 203260
0%
London Overground Imperial Wharf 2859328
0%
Northern Trains Ince and Elton (Cheshire) 98
0%
Northern Trains Ince (Manchester) 12836
0%
Greater Anglia Ingatestone 779214
0%
ScotRail Insch 66866
0%
ScotRail Invergordon 23476
0%
ScotRail Invergowrie 22066
0%
ScotRail Inverkeithing 953162
0%
ScotRail Inverkip 82900
0%
ScotRail Inverness Airport 61166
0%
ScotRail Invershin 362
0%
ScotRail Inverurie 359792
0%
Northern Trains Irlam 262430
0%
ScotRail Irvine 685016
0%
South Western Railway Isleworth 956838
0%
Northern Trains James Cook 60804
0%
ScotRail Johnstone (Renfrewshire) 1139862
0%
TfW Rail Johnston (Pembs) 9062
0%
ScotRail Jordanhill 264422
0%
NI Railways Jordanstown 375411
0%
Northern Trains Kearsley (Manchester) 54888
0%
Southeastern Kearsney (Kent) 47626
0%
ScotRail Keith 76798
0%
Greater Anglia Kelvedon 599812
0%
Glasgow Subway Kelvinbridge 1107989
0%
ScotRail Kelvindale 58426
0%
Glasgow Subway Kelvinhall 777718
0%
South Western Railway Kempton Park 58120
0%
Southeastern Kemsing 16834
0%
Southeastern Kemsley 208860
0%
West Midlands Trains (West Midlands Railway) Kenilworth 181266
0%
Govia Thameslink Railway (Southern) Kenley 268508
0%
Greater Anglia Kennett 53638
0%
ScotRail Kennishead 157902
0%
London Underground Kensal Green 999796
0%
London Overground Kensal Rise 2607790
0%
London Overground Kensington Olympia 2831588
0%
Southeastern Kent House 814336
0%
London Underground Kentish Town 2589668
0%
London Overground Kentish Town West 1886418
0%
London Underground Kenton 1438022
0%
Northern Trains Kents Bank 30544
0%
South Western Railway Kew Bridge 1162156
0%
Southeastern Kidbrooke 1620822
0%
TfW Rail Kidwelly 34566
0%
London Overground Kilburn High Road 758448
0%
Northern Trains Kildale 1672
0%
ScotRail Kildonan 312
0%
TfW Rail Kilgetty 17452
0%
ScotRail Kilmarnock 467114
0%
ScotRail Kilmaurs 82350
0%
ScotRail Kilpatrick 76814
0%
ScotRail Kilwinning 781106
0%
ScotRail Kinbrace 406
0%
ScotRail Kinghorn 97662
0%
ScotRail Kingsknowe 34444
0%
West Midlands Trains (London Northwestern Railway) Kings Langley 507206
0%
Govia Thameslink Railway (Southern) Kingswood 150156
0%
ScotRail Kingussie 42058
0%
Glasgow Subway Kinning Park 309865
0%
ScotRail Kintore 124436
0%
Greater Anglia Kirby Cross 62896
0%
East Midlands Railway Kirkby-in-Ashfield 121654
0%
Northern Trains Kirkby-In-Furness 22706
0%
Northern Trains Kirkby Stephen 35744
0%
ScotRail Kirkconnel 18724
0%
Merseyrail Kirkdale 930362
0%
Northern Trains Kirkham and Wesham 397926
0%
ScotRail Kirkhill 64162
0%
ScotRail Kirknewton 71168
0%
Northern Trains Kirk Sandall 85804
0%
Northern Trains Kirkstall Forge 378822
0%
ScotRail Kirkwood 135706
0%
Northern Trains Kirton Lindsey 740
0%
Northern Trains Kiveton Bridge 69186
0%
Northern Trains Kiveton Park 58108
0%
Govia Thameslink Railway (Great Northern) Knebworth 436866
0%
TfW Rail Knighton 19208
0%
Southeastern Knockholt 188588
0%
Northern Trains Knottingley 156292
0%
TfW Rail Knucklas 4156
0%
ScotRail Ladybank 86454
0%
c2c Laindon 1926978
0%
ScotRail Lairg 3978
0%
Greater Anglia Lakenheath 920
0%
NI Railways Lambeg 114587
0%
TfW Rail Lamphey 5862
0%
ScotRail Lanark 263532
0%
Govia Thameslink Railway (Southern) Lancing 979620
0%
West Midlands Trains (West Midlands Railway) Landywood 168684
0%
ScotRail Langbank 62206
0%
Northern Trains Langho 36914
0%
East Midlands Railway Langley Mill 100238
0%
ScotRail Langside 225812
0%
Northern Trains Langwathby 20288
0%
East Midlands Railway Langwith-Whaley Thorns 9816
0%
NI Railways Lanyon Place 3413164
0%
ScotRail Larbert 812100
0%
ScotRail Largs 384942
0%
ScotRail Larkhall 254940
0%
NI Railways Larne 213162
0%
NI Railways Larne Harbour 27191
0%
ScotRail Laurencekirk 87390
0%
Northern Trains Layton (Lancs) 74558
0%
Northern Trains Lazonby and Kirkoswald 18548
0%
Greater Anglia Lea Bridge 877314
0%
Govia Thameslink Railway (Thameslink) Leagrave 1496012
0%
Northern Trains Lea Green 400690
0%
Northern Trains Lealholm 6868
0%
Merseyrail Leasowe 520920
0%
Southeastern Lenham 130998
0%
ScotRail Lenzie 719886
0%
ScotRail Leven 185424
0%
Northern Trains Levenshulme 472012
0%
Southeastern Lewisham 7023970
0%
Northern Trains Leyland 450718
0%
London Overground Leyton Midland Road 1551332
0%
London Overground Leytonstone High Road 1151934
0%
West Midlands Trains (London Northwestern Railway) Lidlington 16576
0%
Govia Thameslink Railway (Southern) Lingfield 415280
0%
Greater Anglia Lingwood 49708
0%
NI Railways Lisburn 1211632
0%
TfW Rail Lisvane and Thornhill 241176
0%
Govia Thameslink Railway (Great Northern) Littleport 251780
0%
Merseyrail Little Sutton 184024
0%
ScotRail Livingston North 1033616
0%
ScotRail Livingston South 370340
0%
TfW Rail Llanaber 3844
0%
TfW Rail Llanbedr 14612
0%
TfW Rail Llanbister Road 990
0%
TfW Rail Llanbradach 69198
0%
TfW Rail Llandaf 430768
0%
TfW Rail Llandanwg 6086
0%
TfW Rail Llandecwyn 1226
0%
TfW Rail Llandeilo 15906
0%
TfW Rail Llandovery 13702
0%
TfW Rail Llandrindod 30278
0%
TfW Rail Llandybie 8604
0%
TfW Rail Llanfairfechan 37652
0%
TfW Rail Llanfairpwll 38650
0%
TfW Rail Llangadog 4016
0%
TfW Rail Llangammarch 2156
0%
TfW Rail Llangennech 4322
0%
TfW Rail Llangynllo 752
0%
TfW Rail Llanharan 125092
0%
TfW Rail Llanhilleth 94018
0%
TfW Rail Llanishen 225800
0%
TfW Rail Llanrwst 27604
0%
TfW Rail Llansamlet 38484
0%
TfW Rail Llantwit Major 265804
0%
TfW Rail Llanwrda 1186
0%
TfW Rail Llanwrtyd 5300
0%
TfW Rail Llwyngwril 38780
0%
TfW Rail Llwynypia 53140
0%
ScotRail Lochailort 2438
0%
ScotRail Loch Awe 6166
0%
ScotRail Loch Eil Outward Bound 5294
0%
ScotRail Locheilside 462
0%
ScotRail Lochgelly 57418
0%
ScotRail Lochluichart 424
0%
ScotRail Lochwinnoch 134594
0%
ScotRail Lockerbie 210848
0%
Northern Trains Lockwood 47656
0%
London Overground London Fields 1911346
0%
South Western Railway London Road 868894
0%
Govia Thameslink Railway (Southern) London Road (Brighton) 391726
0%
Southeastern London Waterloo East 6841002
0%
Northern Trains Longbeck 58346
0%
West Midlands Trains (London Northwestern Railway) Long Buckby 330332
0%
South Western Railway Longcross 84920
0%
East Midlands Railway Long Eaton 651792
0%
ScotRail Longniddry 205200
0%
Northern Trains Long Preston 18214
0%
East Midlands Railway Longton 81226
0%
Northern Trains Lostock 285908
0%
Northern Trains Lostock Gralam 60696
0%
Northern Trains Lostock Hall 24366
0%
Govia Thameslink Railway (Thameslink) Loughborough Junction 1233640
0%
East Midlands Railway Lowdham 55184
0%
Southeastern Lower Sydenham 786602
0%
Greater Anglia Lowestoft 468156
0%
NI Railways Lurgan 734383
0%
Great Western Railway Luxulyan 3196
0%
TfW Rail Maesteg 156162
0%
NI Railways Magheramorne 9575
0%
Merseyrail Maghull 1299672
0%
Merseyrail Maghull North 613510
0%
Southeastern Maidstone Barracks 274994
0%
South Western Railway Malden Manor 484006
0%
ScotRail Mallaig 90476
0%
Greater Anglia Manningtree 1043404
0%
TfW Rail Manorbier 9896
0%
Elizabeth line Manor Park 4426692
0%
Merseyrail Manor Road 293490
0%
East Midlands Railway Mansfield Woodhouse 122546
0%
Southeastern Marden (Kent) 485824
0%
NI Railways Marino 86397
0%
East Midlands Railway Market Harborough 943468
0%
East Midlands Railway Market Rasen 65162
0%
ScotRail Markinch 235210
0%
Greater Anglia Marks Tey 474352
0%
Northern Trains Marple 325750
0%
Northern Trains Marsden (Yorks) 220584
0%
Northern Trains Marske 62908
0%
West Midlands Trains (West Midlands Railway) Marston Green 589260
0%
Southeastern Martin Mill 68058
0%
ScotRail Maryhill 85594
0%
Elizabeth line Maryland 4055440
0%
Northern Trains Mauldeth Road 318064
0%
ScotRail Maxwell Park 116450
0%
ScotRail Maybole 35058
0%
Southeastern Maze Hill 1397904
0%
Govia Thameslink Railway (Great Northern) Meldreth 245846
0%
Northern Trains Menston 658260
0%
Merseyrail Meols 414164
0%
Northern Trains Meols Cop 78640
0%
Greater Anglia Meridian Water 494354
0%
ScotRail Merryton 74472
0%
Govia Thameslink Railway (Southern) Merstham 744448
0%
TfW Rail Merthyr Tydfil 412970
0%
TfW Rail Merthyr Vale 59920
0%
East Midlands Railway Metheringham 81930
0%
Northern Trains Mexborough 170228
0%
Northern Trains Micklefield 220364
0%
Northern Trains Middlewood 21278
0%
Govia Thameslink Railway (Thameslink) Mill Hill Broadway 1874860
0%
ScotRail Milliken Park 196074
0%
Northern Trains Millom 186654
0%
Northern Trains Mills Hill (Manchester) 303860
0%
ScotRail Milngavie 762998
0%
Southeastern Minster 91432
0%
Greater Anglia Mistley 63776
0%
Govia Thameslink Railway (Southern) Mitcham Eastfields 1318094
0%
Govia Thameslink Railway (Southern) Mitcham Junction 408018
0%
Northern Trains Mobberley 22512
0%
NI Railways Moira 280972
0%
ScotRail Monifieth 43194
0%
ScotRail Montrose 317406
0%
Northern Trains Moorside 42856
0%
Northern Trains Moorthorpe 207902
0%
ScotRail Morar 4290
0%
Govia Thameslink Railway (Thameslink) Morden South 75948
0%
TfW Rail Morfa Mawddach 13508
0%
South Western Railway Mortlake 1546638
0%
Northern Trains Moses Gate 36928
0%
Northern Trains Mossley Hill 199224
0%
NI Railways Mossley West 296465
0%
ScotRail Mosspark 129970
0%
Northern Trains Moss Side 4778
0%
Northern Trains Moston 105960
0%
South Western Railway Motspur Park 822372
0%
Southeastern Mottingham 1374680
0%
Northern Trains Mouldsworth 25904
0%
Govia Thameslink Railway (Southern) Moulsecoomb 444586
0%
TfW Rail Mountain Ash 130748
0%
ScotRail Mount Florida 1184706
0%
ScotRail Mount Vernon 63544
0%
ScotRail Muirend 336620
0%
ScotRail Muir Of Ord 46002
0%
ScotRail Musselburgh 461092
0%
Northern Trains Mytholmroyd 195820
0%
Northern Trains Nafferton 40808
0%
TfW Rail Nantwich 223396
0%
TfW Rail Narberth 22492
0%
East Midlands Railway Narborough 293674
0%
Northern Trains Navigation Road 96498
0%
Greater Anglia Needham Market 129588
0%
ScotRail Neilston 375994
0%
Northern Trains Nelson 113780
0%
TfW Rail Neston 41204
0%
East Midlands Railway Netherfield 10000
0%
Northern Trains Nethertown 1334
0%
Govia Thameslink Railway (Great Northern) New Barnet 1272760
0%
TfW Rail Newbridge 152740
0%
East Midlands Railway New Clee 3550
0%
ScotRail Newcraighall 233352
0%
ScotRail New Cumnock 23022
0%
Southeastern New Eltham 2038220
0%
Govia Thameslink Railway (Southern) Newhaven Harbour 27934
0%
Govia Thameslink Railway (Southern) Newhaven Town 430560
0%
East Midlands Railway New Holland 10354
0%
Southeastern New Hythe 184448
0%
Southeastern Newington 140788
0%
Northern Trains New Lane 2140
0%
South Western Railway New Malden 3077144
0%
Northern Trains New Mills Newtown 212402
0%
Northern Trains New Pudsey 789024
0%
Govia Thameslink Railway (Great Northern) New Southgate 920392
0%
East Midlands Railway Newstead 32816
0%
Northern Trains Newton For Hyde 139956
0%
ScotRail Newtongrange 149962
0%
Northern Trains Newton-Le-Willows 1106560
0%
ScotRail Newtonmore 8454
0%
ScotRail Newton-On-Ayr 80008
0%
TfW Rail Ninian Park 156046
0%
ScotRail Nitshill 131358
0%
South Western Railway Norbiton 2269820
0%
Govia Thameslink Railway (Southern) Norbury 2348766
0%
Govia Thameslink Railway (Southern) Normans Bay 22490
0%
Northern Trains Normanton 202022
0%
Govia Thameslink Railway (Southern) North Dulwich 730666
0%
Greater Anglia North Fambridge 69574
0%
TfW Rail North Llanrwst 4392
0%
Chiltern Railways Northolt Park 176218
0%
ScotRail North Queensferry 121520
0%
South Western Railway North Sheen 342020
0%
Greater Anglia North Walsham 227692
0%
London Underground North Wembley 1231422
0%
Northern Trains Northwich 188520
0%
London Overground Norwood Junction 4627090
0%
Govia Thameslink Railway (Thameslink) Nunhead 997310
0%
Govia Thameslink Railway (Southern) Nutfield 54730
0%
Govia Thameslink Railway (Great Northern) Oakleigh Park 924194
0%
ScotRail Oban 201750
0%
c2c Ockendon 1027566
0%
Govia Thameslink Railway (Southern) Ockley 34176
0%
Merseyrail Old Roan 963306
0%
London Underground Old Street 6077166
0%
West Midlands Trains (West Midlands Railway) Olton 462908
0%
Northern Trains Orrell 97674
0%
Merseyrail Orrell Park 976174
0%
Greater Anglia Oulton Broad North 137218
0%
Greater Anglia Oulton Broad South 60488
0%
Northern Trains Outwood 310366
0%
Merseyrail Overpool 224060
0%
South Western Railway Oxshott 449494
0%
Govia Thameslink Railway (Southern) Oxted 1336338
0%
Southeastern Paddock Wood 1090192
0%
Northern Trains Padgate 118198
0%
ScotRail Paisley Canal 299938
0%
ScotRail Paisley Gilmour Street 3241120
0%
ScotRail Paisley St James 96238
0%
Govia Thameslink Railway (Great Northern) Palmers Green 1557022
0%
TfW Rail Pantyffynnon 4910
0%
Northern Trains Parbold 98762
0%
West Midlands Trains (London Northwestern Railway) Park Street 22170
0%
Northern Trains Parton 12556
0%
Northern Trains Patricroft 147502
0%
ScotRail Patterton 488400
0%
East Midlands Railway Peartree 5256
0%
Govia Thameslink Railway (Southern) Peckham Rye 6136674
0%
Northern Trains Pemberton 48658
0%
TfW Rail Pembrey and Burry Port 130610
0%
TfW Rail Penally 8964
0%
TfW Rail Penarth 507526
0%
TfW Rail Pencoed 232302
0%
TfW Rail Pengam 214248
0%
Southeastern Penge East 1235544
0%
London Overground Penge West 634966
0%
TfW Rail Penhelig 8192
0%
TfW Rail Penmaenmawr 19668
0%
TfW Rail Penrhiwceiber 46492
0%
TfW Rail Penrhyndeudraeth 61622
0%
TfW Rail Pensarn (Gwynedd) 1636
0%
Govia Thameslink Railway (Southern) Penshurst 46678
0%
TfW Rail Pentre-Bach 30388
0%
TfW Rail Pen-Y-Bont (Mid Wales) 1264
0%
TfW Rail Penychain 8892
0%
TfW Rail Penyffordd 28554
0%
Southeastern Petts Wood 1707602
0%
Govia Thameslink Railway (Southern) Pevensey and Westham 165740
0%
Govia Thameslink Railway (Southern) Pevensey Bay 5848
0%
c2c Pitsea 1143894
0%
Northern Trains Pleasington 9764
0%
ScotRail Plockton 10396
0%
Southeastern Pluckley 114656
0%
Northern Trains Plumley 18548
0%
Govia Thameslink Railway (Southern) Plumpton 104762
0%
Southeastern Plumstead 923038
0%
Govia Thameslink Railway (Southern) Polegate 1079980
0%
ScotRail Pollokshaws East 362074
0%
ScotRail Pollokshaws West 304684
0%
ScotRail Pollokshields East 337600
0%
ScotRail Pollokshields West 146994
0%
ScotRail Polmont 696294
0%
Greater Anglia Ponders End 884028
0%
TfW Rail Pontarddulais 6412
0%
Northern Trains Pontefract Tanshelf 98558
0%
TfW Rail Pontlottyn 31640
0%
TfW Rail Pontyclun 277812
0%
TfW Rail Pont-y-Pant 994
0%
TfW Rail Pontypool and New Inn 127216
0%
TfW Rail Pontypridd 779980
0%
NI Railways Portadown 1046238
0%
ScotRail Port Glasgow 390992
0%
TfW Rail Porth 224524
0%
TfW Rail Porthmadog 100700
0%
ScotRail Portlethen 68214
0%
NI Railways Portrush 533307
0%
Govia Thameslink Railway (Southern) Portslade 1034778
0%
Merseyrail Port Sunlight 678432
0%
ScotRail Possilpark and Parkhouse 87906
0%
Northern Trains Poulton-Le-Fylde 630046
0%
Northern Trains Poynton 209572
0%
NI Railways Poyntzpass 1730
0%
TfW Rail Prees 9328
0%
Northern Trains Prescot 292684
0%
Northern Trains Prestbury 64196
0%
Govia Thameslink Railway (Southern) Preston Park 1126092
0%
Glasgow Prestwick Airport Ltd Prestwick International Airport 85954
0%
ScotRail Prestwick Town 340592
0%
ScotRail Priesthill and Darnley 167280
0%
Greater Anglia Prittlewell 362280
0%
Govia Thameslink Railway (Southern) Pulborough 320322
0%
c2c Purfleet 572914
0%
Govia Thameslink Railway (Southern) Purley 2777102
0%
Govia Thameslink Railway (Southern) Purley Oaks 480890
0%
TfW Rail Pye Corner 124914
0%
TfW Rail Pyle 104258
0%
TfW Rail Quakers Yard 53228
0%
Southeastern Queenborough 196028
0%
Govia Thameslink Railway (Southern) Queen's Road (Peckham) 2914668
0%
South Western Railway Queenstown Road (Battersea) 806010
0%
East Midlands Railway Radcliffe (Nottinghamshire) 13844
0%
Govia Thameslink Railway (Thameslink) Radlett 1270406
0%
TfW Rail Radyr 450356
0%
Northern Trains Rainford 26220
0%
Northern Trains Rainhill 186148
0%
Northern Trains Ramsgreave and Wilpshire 91780
0%
ScotRail Rannoch 7802
0%
East Midlands Railway Rauceby 5004
0%
Northern Trains Ravenglass 38812
0%
Govia Thameslink Railway (Thameslink) Ravensbourne 235210
0%
Northern Trains Ravensthorpe 31442
0%
Northern Trains Rawcliffe 412
0%
Greater Anglia Rayleigh 1552860
0%
South Western Railway Raynes Park 3497682
0%
London Overground Rectory Road 1325536
0%
Govia Thameslink Railway (Southern) Reedham (London) 105708
0%
Greater Anglia Reedham (Norfolk) 41566
0%
ScotRail Renton 67362
0%
London North Eastern Railway Retford 602590
0%
TfW Rail Rhiwbina 81840
0%
TfW Rail Rhoose Cardiff International Airport 172314
0%
TfW Rail Rhosneigr 14042
0%
TfW Rail Rhymney 122510
0%
Northern Trains Ribblehead 33682
0%
Merseyrail Rice Lane 422834
0%
Govia Thameslink Railway (Southern) Riddlesdown 287038
0%
West Midlands Trains (London Northwestern Railway) Ridgmont 17682
0%
TfW Rail Risca and Pontymister 95416
0%
Northern Trains Rishton 41332
0%
Southeastern Robertsbridge 274328
0%
ScotRail Robroyston 243276
0%
Northern Trains Roby 201256
0%
Greater Anglia Rochford 671248
0%
ScotRail Rogart 1084
0%
TfW Rail Rogerstone 87268
0%
East Midlands Railway Rolleston 4602
0%
TfW Rail Roman Bridge 612
0%
Elizabeth line Romford 12143302
0%
Northern Trains Romiley 287016
0%
Northern Trains Roose 79286
0%
Northern Trains Rose Grove 73300
0%
Northern Trains Rose Hill Marple 119744
0%
ScotRail Rosyth 198140
0%
London Overground Rotherhithe 1739436
0%
Greater Anglia Roughton Road 21340
0%
ScotRail Roy Bridge 3332
0%
Greater Anglia Roydon 133388
0%
Govia Thameslink Railway (Great Northern) Royston 1415838
0%
TfW Rail Ruabon 117454
0%
Northern Trains Rufford 24438
0%
East Midlands Railway Ruskington 70984
0%
Northern Trains Ruswarp 4112
0%
ScotRail Rutherglen 871338
0%
Northern Trains Ryder Brow 28052
0%
Greater Anglia Rye House 436060
0%
Northern Trains Salford Central 814746
0%
Govia Thameslink Railway (Southern) Salfords (Surrey) 158338
0%
Greater Anglia Salhouse 14372
0%
Northern Trains Saltaire 748546
0%
ScotRail Saltcoats 275344
0%
Northern Trains Saltmarshe 1566
0%
Northern Trains Salwick 1624
0%
Northern Trains Sandal and Agbrigg 202168
0%
Northern Trains Sandbach 294738
0%
Govia Thameslink Railway (Southern) Sanderstead 844182
0%
Merseyrail Sandhills 1049448
0%
Southeastern Sandling 75282
0%
Northern Trains Sankey For Penketh 1204
0%
ScotRail Sanquhar 26594
0%
TfW Rail Sarn 56976
0%
TfW Rail Saundersfoot 11452
0%
Chiltern Railways Saunderton 69922
0%
Greater Anglia Sawbridgeworth 471296
0%
East Midlands Railway Saxilby 93894
0%
Greater Anglia Saxmundham 176536
0%
NI Railways Scarva 5975
0%
ScotRail Scotscalder 226
0%
ScotRail Scotstounhill 430906
0%
Govia Thameslink Railway (Southern) Seaford (Sussex) 707298
0%
Merseyrail Seaforth and Litherland 852056
0%
NI Railways Seahill 118613
0%
TransPennine Express Seamer 164494
0%
Northern Trains Seascale 48928
0%
Chiltern Railways Seer Green and Jordans 107334
0%
Govia Thameslink Railway (Southern) Selhurst 1217928
0%
Northern Trains Sellafield 187002
0%
Southeastern Selling 99572
0%
Elizabeth line Seven Kings 4084206
0%
Southeastern Sevenoaks 3741030
0%
London Overground Seven Sisters 8394182
0%
London Overground Shadwell 3917292
0%
Great Western Railway Shalford (Surrey) 95490
0%
ScotRail Shawfair 72472
0%
ScotRail Shawlands 132560
0%
Southeastern Sheerness-On-Sea 439094
0%
Greater Anglia Shelford (Cambs) 221546
0%
London Overground Shepherd's Bush 6931918
0%
Southeastern Shepherds Well 70278
0%
Northern Trains Shepley 62316
0%
South Western Railway Shepperton 346958
0%
Govia Thameslink Railway (Great Northern) Shepreth 109514
0%
Northern Trains Sherburn-In-Elmet 122098
0%
Greater Anglia Sheringham 267898
0%
ScotRail Shettleston 651582
0%
ScotRail Shieldmuir 121668
0%
Glasgow Subway Shields Road 477109
0%
Greater Anglia Shippea Hill 76
0%
Great Western Railway Shipton 3904
0%
Great Western Railway Shirehampton 63976
0%
Northern Trains Shireoaks 54282
0%
Govia Thameslink Railway (Southern) Shoreham-By-Sea 1302590
0%
Southeastern Shoreham (Kent) 82766
0%
ScotRail Shotts 173044
0%
East Midlands Railway Sileby 153360
0%
Northern Trains Silecroft 7644
0%
Northern Trains Silkstone Common 34104
0%
London Overground Silver Street 2136452
0%
ScotRail Singer 358320
0%
TfW Rail Skewen 43980
0%
Southeastern Slade Green 1103814
0%
Northern Trains Slaithwaite 235294
0%
ScotRail Slateford 71928
0%
East Midlands Railway Sleaford 295790
0%
Northern Trains Sleights 6848
0%
South Western Railway (Island Line) Smallbrook Junction 8978
0%
Northern Trains Smithy Bridge 191406
0%
Northern Trains Snaith 1254
0%
Southeastern Snowdown 11674
0%
Greater Anglia Soham 65796
0%
Greater Anglia Somerleyton 11958
0%
London Overground South Acton 747478
0%
Elizabeth line Southall 7669160
0%
Govia Thameslink Railway (Southern) South Bermondsey 632694
0%
Govia Thameslink Railway (Southern) Southbourne 229080
0%
London Overground Southbury 1038924
0%
Govia Thameslink Railway (Southern) South Croydon 1088648
0%
Govia Thameslink Railway (Southern) Southease 27332
0%
Northern Trains South Elmsall 288510
0%
Great Western Railway South Greenford 52212
0%
ScotRail South Gyle 220542
0%
London Overground South Hampstead 477560
0%
London Underground South Kenton 643152
0%
Govia Thameslink Railway (Thameslink) South Merton 125436
0%
Northern Trains South Milford 135578
0%
Greater Anglia Southminster 93504
0%
London Underground South Ruislip 165020
0%
London Overground South Tottenham 1357436
0%
Govia Thameslink Railway (Southern) Southwick 342014
0%
Greater Anglia South Woodham Ferrers 318044
0%
Northern Trains Sowerby Bridge 417306
0%
ScotRail Spean Bridge 7516
0%
East Midlands Railway Spondon 47006
0%
Greater Anglia Spooner Row 686
0%
ScotRail Springburn 386114
0%
ScotRail Springfield 1438
0%
Northern Trains Squires Gate 27524
0%
West Midlands Trains (London Northwestern Railway) St Albans Abbey 149394
0%
Govia Thameslink Railway (Thameslink) St Albans City 6668998
0%
East Midlands Railway Stallingborough 6166
0%
London Overground Stamford Hill 676276
0%
East Midlands Railway Stamford (Lincs) 343052
0%
c2c Stanford-Le-Hope 744904
0%
Northern Trains Stanlow and Thornton No Data
0%
Northern Trains St Annes-On-The-Sea 147988
0%
Greater Anglia Stansted Mountfitchet 551240
0%
Southeastern Staplehurst 731008
0%
Northern Trains Staveley (Cumbria) 42876
0%
Northern Trains St Bees 84302
0%
West Midlands Trains (West Midlands Railway) Stechford 417294
0%
ScotRail Stepps 267652
0%
ScotRail Stevenston 99624
0%
West Midlands Trains (London Northwestern Railway) Stewartby 84976
0%
ScotRail Stewarton 248494
0%
Glasgow Subway St George's Cross 574876
0%
Northern Trains St Helens Junction 206320
0%
Govia Thameslink Railway (Thameslink) St Helier (London) 156764
0%
London Overground St James Street (Walthamstow) 1551778
0%
Greater Anglia St Margarets (Herts) 350664
0%
South Western Railway St Margarets (London) 1014718
0%
Merseyrail St Michaels 1015344
0%
Northern Trains Stocksmoor 22892
0%
Chiltern Railways Stoke Mandeville 191900
0%
London Overground Stoke Newington 1465574
0%
London Underground Stonebridge Park 1355426
0%
Southeastern Stone Crossing 318702
0%
Southeastern Stonegate 124278
0%
South Western Railway Stoneleigh 807086
0%
ScotRail Stow 74988
0%
Greater Anglia Stowmarket 975908
0%
ScotRail Stranraer 30196
0%
ScotRail Strathcarron 6620
0%
South Western Railway Strawberry Hill 687594
0%
Govia Thameslink Railway (Southern) Streatham Common 2765402
0%
Govia Thameslink Railway (Southern) Streatham (Greater London) 2437720
0%
Govia Thameslink Railway (Southern) Streatham Hill 1824266
0%
Northern Trains Streethouse 25606
0%
Northern Trains Strines 13686
0%
ScotRail Stromeferry 1132
0%
Southeastern Sturry 112180
0%
Northern Trains Styal 28058
0%
Chiltern Railways Sudbury Hill Harrow 53868
0%
TfW Rail Sugar Loaf 842
0%
ScotRail Summerston 113996
0%
South Western Railway Sunbury 390536
0%
South Western Railway Sunningdale 597214
0%
South Western Railway Sunnymeads 27266
0%
Govia Thameslink Railway (Thameslink) Sutton Common 265722
0%
East Midlands Railway Sutton Parkway 141302
0%
Southeastern Swale 7300
0%
East Midlands Railway Swinderby 22092
0%
East Midlands Railway Swineshead 1232
0%
Northern Trains Swinton (Manchester) 165282
0%
Northern Trains Swinton (South Yorks) 346188
0%
Southeastern Sydenham Hill 694346
0%
South Western Railway Syon Lane 868730
0%
Govia Thameslink Railway (Southern) Tadworth 209262
0%
TfW Rail Taffs Well 256722
0%
ScotRail Tain 23284
0%
TfW Rail Talsarnau 4988
0%
TfW Rail Talybont 35872
0%
TfW Rail Tal-y-Cafn 2972
0%
Govia Thameslink Railway (Southern) Tattenham Corner 149554
0%
ScotRail Taynuilt 38888
0%
South Western Railway Teddington 1717082
0%
South Western Railway Thames Ditton 760682
0%
Southeastern Thanet Parkway 123724
0%
Northern Trains Thatto Heath 148722
0%
London Overground Theobalds Grove 751174
0%
Northern Trains Thorne North 178734
0%
Northern Trains Thorne South 66512
0%
ScotRail Thornliebank 196424
0%
East Midlands Railway Thornton Abbey 724
0%
ScotRail Thorntonhall 18166
0%
Govia Thameslink Railway (Southern) Thornton Heath 2432008
0%
East Midlands Railway Thorpe Culvert 788
0%
Greater Anglia Thorpe-le-Soken 143078
0%
Govia Thameslink Railway (Southern) Three Oaks 15482
0%
East Midlands Railway Thurgarton 3204
0%
Northern Trains Thurnscoe 82394
0%
Greater Anglia Thurston 123640
0%
c2c Tilbury Town 1110752
0%
Great Western Railway Tilehurst 385312
0%
TfW Rail Tir-Phil 28360
0%
NI Railways Titanic Quarter 230793
0%
Northern Trains Todmorden 718118
0%
South Western Railway Tolworth 575870
0%
TfW Rail Tondu 49950
0%
TfW Rail Tonfanau 2490
0%
TfW Rail Ton Pentre 79222
0%
TfW Rail Tonypandy 112292
0%
Greater Anglia Tottenham Hale 9256456
0%
Merseyrail Town Green 409698
0%
Northern Trains Trafford Park 44548
0%
TfW Rail Trefforest 712434
0%
TfW Rail Trefforest Estate 121436
0%
TfW Rail Trehafod 38404
0%
Greater Anglia Trimley 57066
0%
West Midlands Trains (London Northwestern Railway) Tring 787982
0%
TfW Rail Troed-Y-Rhiw 40862
0%
ScotRail Troon 498042
0%
NI Railways Trooperslane 102816
0%
ScotRail Tulloch 2252
0%
London Overground Turkey Street 990634
0%
East Midlands Railway Tutbury and Hatton 89778
0%
ScotRail Tweedbank 405824
0%
South Western Railway Twickenham 4972204
0%
TfW Rail Ty Croes 8244
0%
TfW Rail Ty Glas 94494
0%
TfW Rail Tygwyn 1092
0%
ScotRail Tyndrum Lower 5986
0%
TfW Rail Tywyn 133700
0%
Govia Thameslink Railway (Southern) Uckfield 235458
0%
ScotRail Uddingston 702066
0%
East Midlands Railway Ulceby 4480
0%
Northern Trains Ulleskelf 16502
0%
ScotRail Uphall 488056
0%
Northern Trains Upholland 27684
0%
South Western Railway Upper Halliford 106454
0%
London Overground Upper Holloway 1425670
0%
ScotRail Upper Tyndrum 5760
0%
Govia Thameslink Railway (Southern) Upper Warlingham 850836
0%
Northern Trains Urmston 371074
0%
TfW Rail Valley 21588
0%
Southeastern Wadhurst 358610
0%
East Midlands Railway Wainfleet 47824
0%
Northern Trains Walkden 300502
0%
Southeastern Walmer 222274
0%
Northern Trains Walsden 80466
0%
Greater Anglia Waltham Cross 1297696
0%
Merseyrail Walton (Merseyside) 370070
0%
South Western Railway Walton-On-Thames 2425886
0%
Greater Anglia Walton-on-the-Naze 140642
0%
South Western Railway Wanborough 62150
0%
London Overground Wandsworth Road 610410
0%
London Overground Wanstead Park 1071144
0%
London Overground Wapping 2471208
0%
Govia Thameslink Railway (Southern) Warnham 9706
0%
Northern Trains Warrington West 388970
0%
Govia Thameslink Railway (Great Northern) Waterbeach 371828
0%
Southeastern Wateringbury 71746
0%
London Overground Watford High Street 1363368
0%
West Midlands Trains (London Northwestern Railway) Watford North 64798
0%
Govia Thameslink Railway (Great Northern) Watlington 133888
0%
Govia Thameslink Railway (Great Northern) Watton-At-Stone 168318
0%
TfW Rail Waun-gron Park 116002
0%
Network Rail Waverley 22755164
0%
Northern Trains Wavertree Technology Park 292708
0%
Greater Anglia Weeley 42386
0%
Govia Thameslink Railway (Great Northern) Welham Green 253196
0%
East Midlands Railway Wellingborough 980522
0%
Chiltern Railways Wembley Stadium 884860
0%
ScotRail Wemyss Bay 211252
0%
Chiltern Railways Wendover 328532
0%
Northern Trains Wennington 6632
0%
Northern Trains West Allerton 61846
0%
London Underground West Brompton 4515126
0%
South Western Railway West Byfleet 1172146
0%
ScotRail West Calder 140058
0%
c2c Westcliff 1056440
0%
Southeastern Westcombe Park 931670
0%
Southeastern West Dulwich 864428
0%
Elizabeth line West Ealing 2548676
0%
Southeastern Westenhanger 62914
0%
Greater Anglia Westerfield 21666
0%
ScotRail Wester Hailes 62844
0%
ScotRail Westerton 674870
0%
Southeastern Westgate-On-Sea 199128
0%
London Overground West Hampstead 3944888
0%
Govia Thameslink Railway (Thameslink) West Hampstead Thameslink 3147648
0%
c2c West Horndon 411970
0%
Northern Trains Westhoughton 166134
0%
ScotRail West Kilbride 126748
0%
Southeastern West Malling 896670
0%
Govia Thameslink Railway (Southern) West Norwood 1507342
0%
London Underground West Ruislip 136408
0%
Greater Anglia West Runton 34872
0%
Southeastern West St Leonards 138188
0%
Glasgow Subway West Street 104618
0%
Govia Thameslink Railway (Thameslink) West Sutton 265900
0%
Southeastern West Wickham 792638
0%
Govia Thameslink Railway (Southern) West Worthing 672120
0%
Northern Trains Wetheral 50658
0%
South Western Railway Weybridge 1987922
0%
Northern Trains Whaley Bridge 134408
0%
Northern Trains Whalley (Lancashire) 81118
0%
East Midlands Railway Whatstandwell 28430
0%
ScotRail Whifflet 244552
0%
ScotRail Whinhill 43124
0%
Northern Trains Whiston 177588
0%
NI Railways Whiteabbey 352820
0%
ScotRail Whitecraigs 321218
0%
London Overground White Hart Lane 2616980
0%
NI Railways Whitehead 298367
0%
Greater Anglia White Notley 7660
0%
TfW Rail Whitland 44580
0%
Northern Trains Whitley Bridge 860
0%
Greater Anglia Whittlesford Parkway 454262
0%
South Western Railway Whitton (London) 1291066
0%
East Midlands Railway Whitwell (Derbyshire) 10686
0%
Govia Thameslink Railway (Southern) Whyteleafe 228198
0%
Govia Thameslink Railway (Southern) Whyteleafe South 114664
0%
Greater Anglia Wickford 1838264
0%
Greater Anglia Wickham Market 67636
0%
Northern Trains Widdrington 2652
0%
Northern Trains Wigton 64902
0%
TfW Rail Wildmill 28878
0%
London Overground Willesden Junction 7041954
0%
ScotRail Williamwood 286358
0%
West Midlands Trains (West Midlands Railway) Wilmcote 19570
0%
West Midlands Trains (West Midlands Railway) Wilnecote (Staffs) 98734
0%
Govia Thameslink Railway (Thameslink) Wimbledon Chase 271590
0%
Govia Thameslink Railway (Southern) Winchelsea 19260
0%
Govia Thameslink Railway (Great Northern) Winchmore Hill 1408426
0%
West Midlands Trains (London Northwestern Railway) Winsford 215328
0%
ScotRail Wishaw 405264
0%
Greater Anglia Witham 1924032
0%
South Western Railway Witley 210956
0%
Govia Thameslink Railway (Southern) Wivelsfield 467022
0%
Greater Anglia Wivenhoe 352166
0%
West Midlands Trains (London Northwestern Railway) Woburn Sands 47880
0%
Govia Thameslink Railway (Southern) Woldingham 348954
0%
West Midlands Trains (London Northwestern Railway) Wolverton 338874
0%
Northern Trains Wombwell 223542
0%
Greater Anglia Woodbridge 229388
0%
London Overground Woodgrange Park 938768
0%
ScotRail Woodhall 48326
0%
Northern Trains Woodhouse 40388
0%
Northern Trains Woodlesford 258528
0%
Northern Trains Woodley 50970
0%
Govia Thameslink Railway (Southern) Woodmansterne 126744
0%
Northern Trains Woodsmoor 247350
0%
London Overground Wood Street 1938180
0%
West Midlands Trains (West Midlands Railway) Wootton Wawen 19398
0%
Northern Trains Workington 229786
0%
Northern Trains Worksop 515488
0%
South Western Railway Worplesdon 142318
0%
Greater Anglia Worstead 29316
0%
Greater Anglia Wrabness 26698
0%
South Western Railway Wraysbury 82070
0%
TfW Rail Wrenbury 11238
0%
Northern Trains Wressle 1064
0%
Greater Anglia Wymondham 197704
0%
West Midlands Trains (West Midlands Railway) Wythall 65636
0%
TfW Rail Ynyswen 2538
0%
ScotRail Yoker 202332
0%
NI Railways York Street 804248
0%
TfW Rail Yorton 8554
0%
TfW Rail Ystrad Mynach 222144
0%
TfW Rail Ystrad Rhondda 55836
0%
No matching quizzes found
Score Distribution
Percent of People with Each Score
Percentile by Number Answered
Your Score History
You have not taken this quiz